01452nas 22003377a 4500001000700000003000700007005001700014006001900031007001500050008004100065040002400106043001200130110006700142240007900209245010200288246001700390260007800407300002100485310002200506362001300528530003100541590009200572610008100664650004900745650006800794650005800862856007300920856003000993856008001023903001101103463734CaBVIP20100408093100.0m d s cr 100310c20109999bccur s s0001a0eng  aCaBVIPbengcCaBVIP an-cn-bc1 aBritish Columbia.bMinistry of Children and Family Development10aNewsletter (British Columbia. Ministry of Children and Family Development)10aMinister's e-newsletterh[electronic resource] /cMinistry of Children and Family Development. --3 ae-newsletter a[Victoria, B.C.] :bMinistry of Children and Family Development,c[2010]- aonline resource. a[Jan. 2010]- . --0 aMonthly? aAvailable on the Internet. aCatalogue record originally made available by the British Columbia Legislative Library.10aBritish Columbia.bMinistry of Children and Family DevelopmentvPeriodicals. 0aChild welfarezBritish ColumbiavPeriodicals 0aChild welfarexGovernment policyzBritish ColumbiavPeriodicals 0aChildrenxServices forzBritish ColumbiavPeriodicals40uhttp://www.llbc.leg.bc.ca/public/pubdocs/bcdocs2010/463734/index.htm40uhttp://www.gov.bc.ca/mcf/40uhttp://www.enewsletters.gov.bc.ca/CFD/Ministers_Newsletter/CFD_News/edition a20100302007nas 22003737a 4500001000700000003000700007005001700014006001900031007001500050008004100065040002400106043001200130245008100142260004500223300002800268310001100296362002200307500004400329515003000373520049000403530003100893590009200924650005601016650005801072650005601130650006201186650008101248650005401329650007101383710003601454856006901490856006301559903001101622458528CaBVIP20100813085900.0m d s c c 090710c20099999bcc r s s0001a1eng  aCaBVIPbengcCaBVIP an-cn-bc00aCarbon neutral action reportsh[electronic resource] :beducation : K-12. -- a[Victoria, B.C.] :bLiveSmart BC,c2009- a1 online resource ( v.) aAnnual0 a[2008/2009]- . -- aTitle from LiveSmart BC web index-page. aReport year ends in June.0 a"The B.C. government is setting an example and working to ensure that its operations are carbon neutral by 2010. This commitment - enshrined in legislation - is the first of its kind in North America. It applies to all provincial public sector operations, including government ministries and agencies, schools, colleges, universities, health authorities and Crown corporations." -- LiveSmart BC website as viewed July 6, 2009: http://www.livesmartbc.ca/government/school_districts.html aAvailable on the Internet. aCatalogue record originally made available by the British Columbia Legislative Library. 0aEducation and statezBritish ColumbiavPeriodicals. 0aPublic administrationzBritish ColumbiavPeriodicals. 0aEnvironmental policyzBritish ColumbiavPeriodicals 0aCarbon dioxide mitigationzBritish ColumbiavPeriodicals. 0aGreenhouse gas mitigationxGovernment policyzBritish ColumbiavPeriodicals. 0aGovernment travelzBritish ColumbiavPeriodicals. 0aBusiness travelxGovernment policyzBritish ColumbiavPeriodicals.1 aBritish Columbia.bLiveSmart BC40uhttp://www.llbc.leg.bc.ca/public/PubDocs/bcdocs/458528/index.htm40uhttp://www.livesmartbc.ca/government/school_districts.html a20100702077nas 22003737a 4500001000700000003000700007005001700014006001900031007001500050008004100065040002400106043001200130245009000142260004500232300002800277310001100305362002200316500004400338515003000382520054200412530003100954590009200985650006301077650005801140650005601198650006201254650008101316650005401397650007101451710003601522856006901558856006501627903001101692458530CaBVIP20100813085900.0m d s c c 090710c20099999bcc r s s0001a1eng  aCaBVIPbengcCaBVIP an-cn-bc00aCarbon neutral action reportsh[electronic resource] :beducation : postsecondary. -- a[Victoria, B.C.] :bLiveSmart BC,c2009- a1 online resource ( v.) aAnnual0 a[2008/2009]- . -- aTitle from LiveSmart BC web index-page. aReport year ends in June.0 a"Under the Greenhouse Gas Reduction Targets Act, all public sector organizations are required to report out annually, beginning in June of 2009, on their plans and actions taken to reduce greenhouse gas (GHG) emissions. In addition, core government is required to report on emissions associated with business travel beginning in October 2007 through the end of 2008, and on the offsets purchased to achieve carbon neutral travel."--LiveSmart BC website as viewed July 6, 2009: http://www.livesmartbc.ca/government/advanced_education.html aAvailable on the Internet. aCatalogue record originally made available by the British Columbia Legislative Library. 0aHigher education and statezBritish ColumbiavPeriodicals. 0aPublic administrationzBritish ColumbiavPeriodicals. 0aEnvironmental policyzBritish ColumbiavPeriodicals 0aCarbon dioxide mitigationzBritish ColumbiavPeriodicals. 0aGreenhouse gas mitigationxGovernment policyzBritish ColumbiavPeriodicals. 0aGovernment travelzBritish ColumbiavPeriodicals. 0aBusiness travelxGovernment policyzBritish ColumbiavPeriodicals.1 aBritish Columbia.bLiveSmart BC40uhttp://www.llbc.leg.bc.ca/public/PubDocs/bcdocs/458530/index.htm40uhttp://www.livesmartbc.ca/government/advanced_education.html a20100703140nas 22004937a 4500001000700000003000700007005001700014006001900031007001500050008004100065040002400106043001200130245008300142246007700225260004500302300002800347310001100375362002200386500004400408500030800452505020200760515003000962520054400992530003101536590009201567610004201659610004401701610004401745610005201789610005201841610006201893650006701955650005802022650006102080650006202141650008102203650005602284650005402340650007102394710003602465856006902501856006502570903001102635458531CaBVIP20100813085900.0m d s c c 090710c20099999bcc r ss s0001a0eng  aCaBVIPbengcCaBVIP an-cn-bc00aCarbon neutral action reportsh[electronic resource] :bhealth authorities. --3 aCarbon neutral action reports : health authorities and affiliatesf2009- a[Victoria, B.C.] :bLiveSmart BC,c2009- a1 online resource ( v.) aAnnual0 a[2008/2009]- . -- aTitle from LiveSmart BC web index-page. a2009 report includes health affiliates: Bella Coola Hospital, Louis Brier Home and Hospital, Menno Hospital, Mount Saint Mary's Hospital, Nisga'a Valley Health Board, Providence Health Care, R.W. Large Memorial Hospital, Saint Joseph's General Hospital, Saint Michael's Center, Wrinch Memorial Hospital.0 aFraser Health Authority -- Interior Health Authority -- Northern Health Authority -- Provincial Health Services Authority -- Vancouver Coastal Health Authority -- Vancouver Island Health Authority. aReport year ends in June.0 a"Under the Greenhouse Gas Reduction Targets Act, all public sector organizations are required to report out annually, beginning in June of 2009, on their plans and actions taken to reduce greenhouse gas (GHG) emissions. In addition, core government is required to report on emissions associated with business travel beginning in October 2007 through the end of 2008, and on the offsets purchased to achieve carbon neutral travel." -- LiveSmart BC website as viewed July 6, 2009: http://www.livesmartbc.ca/government/health_authorities.html aAvailable on the Internet. aCatalogue record originally made available by the British Columbia Legislative Library.20aFraser Health AuthorityvPeriodicals.20aInterior Health AuthorityvPeriodicals.20aNorthern Health AuthorityvPeriodicals.20aVancouver Coastal Health AuthorityvPeriodicals20aVancouver Island Health AuthorityvPeriodicals.20aProvincial Health Services Authority (B.C.)vPeriodicals. 0aHealth services administrationzBritish ColumbiavPeriodicals. 0aPublic administrationzBritish ColumbiavPeriodicals. 0aCorporations, GovernmentzBritish ColumbiavPeriodicals. 0aCarbon dioxide mitigationzBritish ColumbiavPeriodicals. 0aGreenhouse gas mitigationxGovernment policyzBritish ColumbiavPeriodicals. 0aEnvironmental policyzBritish ColumbiavPeriodicals 0aGovernment travelzBritish ColumbiavPeriodicals. 0aBusiness travelxGovernment policyzBritish ColumbiavPeriodicals.1 aBritish Columbia.bLiveSmart BC40uhttp://www.llbc.leg.bc.ca/public/PubDocs/bcdocs/458531/index.htm40uhttp://www.livesmartbc.ca/government/health_authorities.html a20100702050nas 22003737a 4500001000700000003000700007005001700014006001900031007001500050008004100065040002400106043001200130245010900142260004500251300002800296310001100324362002200335500004400357515003000401520049500431530003100926590009200957650006101049650005801110650005601168650006201224650008101286650005401367650007101421710003601492856006901528856006801597903001101665458532CaBVIP20100813085900.0m d s c c 090709c20099999bcc r ss s0001a0eng  aCaBVIPbengcCaBVIP an-cn-bc00aCarbon neutral action reportsh[electronic resource] :bGovernment of B.C. : ministries and agencies. -- a[Victoria, B.C.] :bLiveSmart BC,c2009- a1 online resource ( v.) aAnnual0 a[2008/2009]- . -- aTitle from LiveSmart BC web index-page. aReport year ends in June.0 a"The B.C. government is setting an example and working to ensure that its operations are carbon neutral by 2010. This commitment - enshrined in legislation - is the first of its kind in North America. It applies to all provincial public sector operations, including government ministries and agencies, schools, colleges, universities, health authorities and Crown corporations." -- LiveSmart BC website as viewed July 6, 2009: http://www.livesmartbc.ca/government/provincial_ministries.html aAvailable on the Internet. aCatalogue record originally made available by the British Columbia Legislative Library. 0aCorporations, GovernmentzBritish ColumbiavPeriodicals. 0aPublic administrationzBritish ColumbiavPeriodicals. 0aEnvironmental policyzBritish ColumbiavPeriodicals 0aCarbon dioxide mitigationzBritish ColumbiavPeriodicals. 0aGreenhouse gas mitigationxGovernment policyzBritish ColumbiavPeriodicals. 0aGovernment travelzBritish ColumbiavPeriodicals. 0aBusiness travelxGovernment policyzBritish ColumbiavPeriodicals.1 aBritish Columbia.bLiveSmart BC40uhttp://www.llbc.leg.bc.ca/public/PubDocs/bcdocs/458532/index.htm40uhttp://www.livesmartbc.ca/government/provincial_ministries.html a20100702069nas 22003737a 4500001000700000003000700007005001700014006001900031007001500050008004100065040002400106043001200130245008300142260004500225300002800270310001100298362002000309500004400329515003000373520054500403530003100948590009200979650006101071650005801132650006201190650008101252650005601333650005401389650007101443710003601514856006901550856006501619903001101684458533CaBVIP20100813085900.0m d s c c 090709c20099999bccar ss s0001a1eng  aCaBVIPbengcCaBVIP an-cn-bc00aCarbon neutral action reportsh[electronic resource] :bCrown corporations. -- a[Victoria, B.C.] :bLiveSmart BC,c2009- a1 online resource ( v.) aAnnual0 a2008/2009- . -- aTitle from LiveSmart BC web index-page. aReport year ends in June.0 a"Under the Greenhouse Gas Reduction Targets Act, all public sector organizations are required to report out annually, beginning in June of 2009, on their plans and actions taken to reduce greenhouse gas (GHG) emissions. In addition, core government is required to report on emissions associated with business travel beginning in October 2007 through the end of 2008, and on the offsets purchased to achieve carbon neutral travel."--LiveSmart BC website (as viewed July 6, 2009) : http://www.livesmartbc.ca/government/crown_corporations.html aAvailable on the Internet. aCatalogue record originally made available by the British Columbia Legislative Library. 0aCorporations, GovernmentzBritish ColumbiavPeriodicals. 0aPublic administrationzBritish ColumbiavPeriodicals. 0aCarbon dioxide mitigationzBritish ColumbiavPeriodicals. 0aGreenhouse gas mitigationxGovernment policyzBritish ColumbiavPeriodicals. 0aEnvironmental policyzBritish ColumbiavPeriodicals 0aGovernment travelzBritish ColumbiavPeriodicals. 0aBusiness travelxGovernment policyzBritish ColumbiavPeriodicals.1 aBritish Columbia.bLiveSmart BC40uhttp://www.llbc.leg.bc.ca/public/PubDocs/bcdocs/458533/index.htm40uhttp://www.livesmartbc.ca/government/crown_corporations.html a20100702690nas 2200481 a 4500001000700000003000700007005001700014006001900031007001500050008004100065015001400106040002400120043001200144055001800156082002200174222001800196245004500214246006100259260008200320300003500402310001400437362001900451500007100470500003000541500003400571520067900605590009201284610007501376650006301451650007301514650006701587650004401654650005301698650004501751650005501796710005201851710003001903780001901933856007501952856010302027856006702130903001102197362655CaBVIP20101008151100.0m d s cr |n |||||100921c19999999bccux ss s0 a0eng  a999602950 aCaBVIPbengcCaBVIP an-cn---00aT55.3.H3bW4504a363.17'7'0971221 0aWHMIS at work00aWHMIS at workh[electronic resource]. --13aWorkplace Hazardous Materials Information System at work a[Richmond, B.C.] :bWorkers' Compensation Board of British Columbia,c[1999]- a1 online resource (v.) :bill. aIrregular1 a1999 ed.- . -- aPreviously published as monograph under title: What's WHMIS? 1995. aIssued by WorkSafeBC.com. aDescription based on 2002 ed.0 a"This booklet contains general information about WHMIS -- the Workplace Hazardous Materials Information System. It describes the three main elements of WHMIS (WHMIS labels, MSDSs, and WHMIS education and training programs) and outlines the responsibilities of suppliers, employers, and workers for these elements. It also offers useful information about the kinds of hazards and chemical characteristics of products covered by WHMIS, and two checklists, one on implementing a WHMIS program and the other on WHMIS education and training for workers. (PDF 928kb)." -- Website as viewed March 19, 2010: http://www.worksafebc.com/publications/health_and_safety/whmis/default.asp aCatalogue record originally made available by the British Columbia Legislative Library.20aWorkplace Hazardous Materials Information System (Canada)vPeriodicals 0aHazardous substanceszCanadaxSafety measuresvPeriodicals 0aHazardous substanceszBritish ColumbiaxSafety measuresvPeriodicals 0aHazardous substancesxLaw and legislationzCanadavPeriodicals 0aIndustrial safetyzCanadavPeriodicals. 0aIndustrial safetyzBritish ColumbiavPeriodicals 0aIndustrial hygienezCanadavPeriodicals. 0aIndustrial hygienezBritish ColumbiavPeriodicals.20aWorkers' Compensation Board of British Columbia2 aWorkSafeBC.com (Web site)00tWhat is WHMIS?40uhttp://www.llbc.leg.bc.ca/public/pubdocs/bcdocs2010_2/362655/index.htm40uhttp://www.worksafebc.com/publications/health_and_safety_information/by_topic/assets/pdf/whmis.pdf40uhttp://www.worksafebc.com/publications/publication_index/w.asp a20100903684nas 22003857a 4500001000700000003000700007005001700014006001900031007001500050008004100065040002400106043001200130110003000142245007700172246005300249260004700302300003700349310001100386362001500397500002400412500005400436500101400490505121301504520008602717530003102803590009202834650005402926650004802980650003503028651004303063780004903106856007503155856005703230903001103287468616CaBVIP20101201152000.0m d s cr 101126c20109999bccar ss s0001a0eng  aCaBVIPbengcCaBVIP an-cn-bc2 aInterior Health Authority10aLocal health area profilesh[electronic resource] /cInterior Health. --33aInterior Health local health area profilesf2010 a[Kelowna, B.C.] :bInterior Health,c2010- a1 online resource ;bill., maps. aAnnual0 a2010- . -- aTitle from website. aThis title previously issued 2009 as a monograph. a"The Local Health Area (LHA) profiles provide a picture of health for the over 735,000 residents living in the Interior Health region. They also serve as a reference tool for those involved in providing and planning health services. The LHA profiles include data from a variety of sources including the BC Vital Statistics Agency, the BC Ministry of Health's Health Data Warehouse, BC Stats, Statistics Canada, and the Canadian Institute for Health Information (CIHI). These data are derived from the discharge abstract data (DAD), surveys, and the most recent Census data. The information is based upon relevance to Interior Health goals and strategies, provincial health goals, and Ministry strategic directions. The individual LHA, HSA and IHA profiles are available directly below, grouped by Health Service Area -- East Kootenay, Kootenay Boundary, Okanagan, and Thompson Cariboo Shuswap."--Abstract from Interior Health website, viewed Nov. 24, 2010: http://www.interiorhealth.ca/information.aspx?id=6960 aInterior Health Authority profile -- Health Service Area (HSA) profiles: East Kootenay HSA profile ; Kootenay Boundary HSA profile ; Okanagan HSA profile ; Thompson Cariboo Shuswap HSA profile -- Local Health Area (LHA) profiles: [1] East Kootenay Health Service Area (EKHSA). Fernie LHA profile ; Cranbrook LHA profile ; Kimberley LHA profile ; Windermere LHA profile ; Creston LHA profile ; Golden LHA profile. [2] Kootenay Boundary Health Service Area (KBHSA). Kootenay Lake LHA profile ; Nelson LHA profile ; Castlegar LHA profile ; Arrow Lakes LHA profile ; Trail LHA profile ; Grand Forks LHA profile ; Kettle Valley LHA profile. [3] Okanagan Health Service Area (OHSA). Southern Okanagan LHA profile ; Penticton LHA profile ; Keremeos LHA profile ; Princeton LHA profile ; Armstrong-Spallumcheen LHA profile ; Vernon LHA profile ; Central Okanagan LHA profile ; Summerland LHA profile ; Enderby LHA profile. [4] Thompson Cariboo Shuswap Health Service Area (TCSHSA). Revelstoke LHA profile ; Salmon Arm LHA profile ; Kamloops LHA profile ; 100 Mile House LHA profile ; North Thompson LHA profile ; Cariboo-Chilcotin LHA profile ; Lillooet LHA profile ; South Cariboo LHA profile ; Merritt LHA profile.0 aThis report provides a summary of health indicators of the region and population. aAvailable on the Internet. aCatalogue record originally made available by the British Columbia Legislative Library. 0aHealth services administrationzBritish Columbia. 0aHealth status indicatorszBritish Columbia. 0aMedical carezBritish Columbia 0aBritish ColumbiaxStatistics, Medical.10aInterior Health AuthoritytInterior Health :40uhttp://www.llbc.leg.bc.ca/public/pubdocs/bcdocs2010_2/468616/index.htm40uhttp://www.interiorhealth.ca/information.aspx?id=696 a20101101997nas 22003737a 4500001000700000003000700007005001700014006001900031007001500050008004100065040002400106043001200130245008100142246005300223260004500276300002800321310001100349362002200360500004400382515003000426520049000456530003100946590009200977650005601069650005801125650005601183650006201239650008101301650005401382650007101436710003601507856006901543903001101612458528CaBVIP20110712150200.0m d s c c 090710c20099999bcc r s s0001a1eng  aCaBVIPbengcCaBVIP an-cn-bc00aCarbon neutral action reportsh[electronic resource] :beducation : K-12. --3 aCarbon neutral action reports : school districts a[Victoria, B.C.] :bLiveSmart BC,c2009- a1 online resource ( v.) aAnnual0 a[2008/2009]- . -- aTitle from LiveSmart BC web index-page. aReport year ends in June.0 a"The B.C. government is setting an example and working to ensure that its operations are carbon neutral by 2010. This commitment - enshrined in legislation - is the first of its kind in North America. It applies to all provincial public sector operations, including government ministries and agencies, schools, colleges, universities, health authorities and Crown corporations." -- LiveSmart BC website as viewed July 6, 2009: http://www.livesmartbc.ca/government/school_districts.html aAvailable on the Internet. aCatalogue record originally made available by the British Columbia Legislative Library. 0aEducation and statezBritish ColumbiavPeriodicals. 0aPublic administrationzBritish ColumbiavPeriodicals. 0aEnvironmental policyzBritish ColumbiavPeriodicals 0aCarbon dioxide mitigationzBritish ColumbiavPeriodicals. 0aGreenhouse gas mitigationxGovernment policyzBritish ColumbiavPeriodicals. 0aGovernment travelzBritish ColumbiavPeriodicals. 0aBusiness travelxGovernment policyzBritish ColumbiavPeriodicals.1 aBritish Columbia.bLiveSmart BC40uhttp://www.llbc.leg.bc.ca/public/PubDocs/bcdocs/458528/index.htm a20110702000nas 22003617a 4500001000700000003000700007005001700014006001900031007001500050008004100065040002400106043001200130245009000142260004500232300002800277310001100305362002200316500004400338515003000382520054200412530003100954590009200985650006301077650005801140650005601198650006201254650008101316650005401397650007101451710003601522856006901558903001101627458530CaBVIP20110712150300.0m d s c c 090710c20099999bcc r s s0001a1eng  aCaBVIPbengcCaBVIP an-cn-bc00aCarbon neutral action reportsh[electronic resource] :beducation : postsecondary. -- a[Victoria, B.C.] :bLiveSmart BC,c2009- a1 online resource ( v.) aAnnual0 a[2008/2009]- . -- aTitle from LiveSmart BC web index-page. aReport year ends in June.0 a"Under the Greenhouse Gas Reduction Targets Act, all public sector organizations are required to report out annually, beginning in June of 2009, on their plans and actions taken to reduce greenhouse gas (GHG) emissions. In addition, core government is required to report on emissions associated with business travel beginning in October 2007 through the end of 2008, and on the offsets purchased to achieve carbon neutral travel."--LiveSmart BC website as viewed July 6, 2009: http://www.livesmartbc.ca/government/advanced_education.html aAvailable on the Internet. aCatalogue record originally made available by the British Columbia Legislative Library. 0aHigher education and statezBritish ColumbiavPeriodicals. 0aPublic administrationzBritish ColumbiavPeriodicals. 0aEnvironmental policyzBritish ColumbiavPeriodicals 0aCarbon dioxide mitigationzBritish ColumbiavPeriodicals. 0aGreenhouse gas mitigationxGovernment policyzBritish ColumbiavPeriodicals. 0aGovernment travelzBritish ColumbiavPeriodicals. 0aBusiness travelxGovernment policyzBritish ColumbiavPeriodicals.1 aBritish Columbia.bLiveSmart BC40uhttp://www.llbc.leg.bc.ca/public/PubDocs/bcdocs/458530/index.htm a20110703063nas 22004817a 4500001000700000003000700007005001700014006001900031007001500050008004100065040002400106043001200130245008300142246007700225260004500302300002800347310001100375362002200386500004400408500030800452505020200760515003000962520054400992530003101536590009201567610004201659610004401701610004401745610005201789610005201841610006201893650006701955650005802022650006102080650006202141650008102203650005602284650005402340650007102394710003602465856006902501903001102570458531CaBVIP20110712150200.0m d s c c 090710c20099999bcc r ss s0001a0eng  aCaBVIPbengcCaBVIP an-cn-bc00aCarbon neutral action reportsh[electronic resource] :bhealth authorities. --3 aCarbon neutral action reports : health authorities and affiliatesf2009- a[Victoria, B.C.] :bLiveSmart BC,c2009- a1 online resource ( v.) aAnnual0 a[2008/2009]- . -- aTitle from LiveSmart BC web index-page. a2009 report includes health affiliates: Bella Coola Hospital, Louis Brier Home and Hospital, Menno Hospital, Mount Saint Mary's Hospital, Nisga'a Valley Health Board, Providence Health Care, R.W. Large Memorial Hospital, Saint Joseph's General Hospital, Saint Michael's Center, Wrinch Memorial Hospital.0 aFraser Health Authority -- Interior Health Authority -- Northern Health Authority -- Provincial Health Services Authority -- Vancouver Coastal Health Authority -- Vancouver Island Health Authority. aReport year ends in June.0 a"Under the Greenhouse Gas Reduction Targets Act, all public sector organizations are required to report out annually, beginning in June of 2009, on their plans and actions taken to reduce greenhouse gas (GHG) emissions. In addition, core government is required to report on emissions associated with business travel beginning in October 2007 through the end of 2008, and on the offsets purchased to achieve carbon neutral travel." -- LiveSmart BC website as viewed July 6, 2009: http://www.livesmartbc.ca/government/health_authorities.html aAvailable on the Internet. aCatalogue record originally made available by the British Columbia Legislative Library.20aFraser Health AuthorityvPeriodicals.20aInterior Health AuthorityvPeriodicals.20aNorthern Health AuthorityvPeriodicals.20aVancouver Coastal Health AuthorityvPeriodicals20aVancouver Island Health AuthorityvPeriodicals.20aProvincial Health Services Authority (B.C.)vPeriodicals. 0aHealth services administrationzBritish ColumbiavPeriodicals. 0aPublic administrationzBritish ColumbiavPeriodicals. 0aCorporations, GovernmentzBritish ColumbiavPeriodicals. 0aCarbon dioxide mitigationzBritish ColumbiavPeriodicals. 0aGreenhouse gas mitigationxGovernment policyzBritish ColumbiavPeriodicals. 0aEnvironmental policyzBritish ColumbiavPeriodicals 0aGovernment travelzBritish ColumbiavPeriodicals. 0aBusiness travelxGovernment policyzBritish ColumbiavPeriodicals.1 aBritish Columbia.bLiveSmart BC40uhttp://www.llbc.leg.bc.ca/public/PubDocs/bcdocs/458531/index.htm a20110702040nas 22003737a 4500001000700000003000700007005001700014006001900031007001500050008004100065040002400106043001200130245010900142246005800251260004500309300002800354310001100382362002200393500004400415515003000459520049500489530003100984590009201015650006101107650005801168650005601226650006201282650008101344650005401425650007101479710003601550856006901586903001101655458532CaBVIP20110712150300.0m d s c c 090709c20099999bcc r ss s0001a0eng  aCaBVIPbengcCaBVIP an-cn-bc00aCarbon neutral action reportsh[electronic resource] :bGovernment of B.C. : ministries and agencies. --3 aCarbon neutral action reports : core governmentf2010 a[Victoria, B.C.] :bLiveSmart BC,c2009- a1 online resource ( v.) aAnnual0 a[2008/2009]- . -- aTitle from LiveSmart BC web index-page. aReport year ends in June.0 a"The B.C. government is setting an example and working to ensure that its operations are carbon neutral by 2010. This commitment - enshrined in legislation - is the first of its kind in North America. It applies to all provincial public sector operations, including government ministries and agencies, schools, colleges, universities, health authorities and Crown corporations." -- LiveSmart BC website as viewed July 6, 2009: http://www.livesmartbc.ca/government/provincial_ministries.html aAvailable on the Internet. aCatalogue record originally made available by the British Columbia Legislative Library. 0aCorporations, GovernmentzBritish ColumbiavPeriodicals. 0aPublic administrationzBritish ColumbiavPeriodicals. 0aEnvironmental policyzBritish ColumbiavPeriodicals 0aCarbon dioxide mitigationzBritish ColumbiavPeriodicals. 0aGreenhouse gas mitigationxGovernment policyzBritish ColumbiavPeriodicals. 0aGovernment travelzBritish ColumbiavPeriodicals. 0aBusiness travelxGovernment policyzBritish ColumbiavPeriodicals.1 aBritish Columbia.bLiveSmart BC40uhttp://www.llbc.leg.bc.ca/public/PubDocs/bcdocs/458532/index.htm a20110701992nas 22003617a 4500001000700000003000700007005001700014006001900031007001500050008004100065040002400106043001200130245008300142260004500225300002800270310001100298362002000309500004400329515003000373520054500403530003100948590009200979650006101071650005801132650006201190650008101252650005601333650005401389650007101443710003601514856006901550903001101619458533CaBVIP20110712145800.0m d s c c 090709c20099999bccar ss s0001a1eng  aCaBVIPbengcCaBVIP an-cn-bc00aCarbon neutral action reportsh[electronic resource] :bCrown corporations. -- a[Victoria, B.C.] :bLiveSmart BC,c2009- a1 online resource ( v.) aAnnual0 a2008/2009- . -- aTitle from LiveSmart BC web index-page. aReport year ends in June.0 a"Under the Greenhouse Gas Reduction Targets Act, all public sector organizations are required to report out annually, beginning in June of 2009, on their plans and actions taken to reduce greenhouse gas (GHG) emissions. In addition, core government is required to report on emissions associated with business travel beginning in October 2007 through the end of 2008, and on the offsets purchased to achieve carbon neutral travel."--LiveSmart BC website (as viewed July 6, 2009) : http://www.livesmartbc.ca/government/crown_corporations.html aAvailable on the Internet. aCatalogue record originally made available by the British Columbia Legislative Library. 0aCorporations, GovernmentzBritish ColumbiavPeriodicals. 0aPublic administrationzBritish ColumbiavPeriodicals. 0aCarbon dioxide mitigationzBritish ColumbiavPeriodicals. 0aGreenhouse gas mitigationxGovernment policyzBritish ColumbiavPeriodicals. 0aEnvironmental policyzBritish ColumbiavPeriodicals 0aGovernment travelzBritish ColumbiavPeriodicals. 0aBusiness travelxGovernment policyzBritish ColumbiavPeriodicals.1 aBritish Columbia.bLiveSmart BC40uhttp://www.llbc.leg.bc.ca/public/PubDocs/bcdocs/458533/index.htm a20110701775nas 2200325 a 4500001000700000003000700007005001700014006001900031007001500050008004100065040002400106043001200130110004500142245005300187260005400240300002300294310001100317362002000328500002000348520056500368530003100933580007800964590009201042650006301134650005001197650005601247780006001303856007501363903001101438485538CaBVIP20110901124200.0m d s cr || ||||||||110720c20089999bcc r s s0001a1eng  aCaBVIPbengcCaBVIP an-cn-bc10aBritish Columbia.bMinistry of Education10aAchievement contractsh[electronic resource]. -- a[Victoria, B.C. :bMinistry of Education],c2008- a1 online resource. aAnnual0 a2007/2008- . -- aWeb page title.0 aAchievement Contracts are the Boards of Education's public commitment to improving student achievement. They are based on thoughtful consideration of student performance information at the classroom, school, district and provincial level. Achievement Contracts reflect the unique characteristics, priorities and needs of each district. The Contracts are part of an accountability cycle for schools, school districts, and for the Ministry of Education.--Cf. As viewed on ministry website on July 15, 2011 http://www.bced.gov.bc.ca/schools/sdinfo/acc_contracts/. aAvailable on the Internet. aContinues: Backgrounder : school board accountability contract summaries. aCatalogue record originally made available by the British Columbia Legislative Library. 0aEducational accountabilityzBritish ColumbiavPeriodicals. 0aSchool boardszBritish ColumbiavPeriodicals. 0aEducation and statezBritish ColumbiavPeriodicals.10aBritish Columbia. Ministry of EducationtBackgrounder :40uhttp://www.llbc.leg.bc.ca/public/pubdocs/bcdocs2011_2/485538/index.htm a20110803152nas 2200337 a 4500001000700000003000700007005001700014006001900031007001500050008004100065040002400106043001200130245011900142246008900261260006300350300002300413310001100436362001800447500002000465500005400485500084500539500064501384520037502029530003102404590009202435650007702527650007002604710005402674856007502728903001102803498448CaBVIP20111114100900.0m d s cr || ||||||||110818c20119999bccar s s0001a1eng  aCaBVIPbengcCaBVIP an-cn-bc00aBudget letters and government letters of expectationsh[electronic resource] /cMinistry of Advanced Education. --33aMinistry of Advanced Education budget letters and government letters of expectations a[Victoria, B.C.] :bMinistry of Advanced Education,c2011- a1 online resource. aAnnual0 a2011/12- . -- aWeb page title. aAt head of title: Ministry of Advanced Education. a2004/05-2008/09 budget letters: British Columbia Institute of Technology -- Camosun College -- Capilano College -- College of New Caledonia -- College of the Rockies -- Douglas College - Emily Carr Institute of Art and Design -- Institute of Indigenous Government -- Justice Institute of British Columbia -- Kwantlen University College -- Langara College -- Malaspina University-College -- North Island College -- Northern Lights College -- Nicola Valley Institute of Technology -- Northwest Community College -- Okanagan College -- Open Learning Agency -- Royal Roads University -- Selkirk College -- Simon Fraser University -- University College of the Cariboo -- University of British Columbia -- University College of the Fraser Valley -- University of Northern British Columbia -- University of Victoria -- Vancouver Community College. a2009/10- budget letters: British Columbia Institute of Technology -- Camosun College -- Capilano University -- College of New Caledonia -- College of the Rockies -- Douglas College -- Emily Carr University of Art and Design -- Justice Institute of British Columbia -- Langara College -- Nicola Valley Institute of Technology -- North Island College -- Northwest Community College -- Okanagan College -- Royal Roads University -- Selkirk College -- Simon Fraser University -- Thompson Rivers University -- University of British Columbia -- University of Northern British Columbia -- University of the Fraser Valley -- University of Victoria.0 a"Every year, the Ministry provides the public post-secondary institutions with budget letters that outline the student enrollment targets and operating budget allocations to support targeted programs and priority issues for the coming fiscal year."--Abstract from Ministry of Advanced Education website, viewed Aug. 16, 2011: http://www.aved.gov.bc.ca/budget/welcome.htm aAvailable on the Internet. aCatalogue record originally made available by the British Columbia Legislative Library. 0aUniversities and collegeszBritish ColumbiaxAdministrationvPeriodicals 0aUniversities and collegeszBritish ColumbiaxFinancevPeriodicals10aBritish Columbia.bMinistry of Advanced Education40uhttp://www.llbc.leg.bc.ca/public/pubdocs/bcdocs2011_2/498448/index.htm a20111001578nas 2200301 a 4500001000700000003000700007005001700014006001900031007001500050008004100065040002400106043001200130245011000142246007400252260004200326300004000368310001200408362002000420500002800440520040400468590009200872650006400964650007001028650006201098710003001160856007501190903001101265498769CaBVIP20120210120900.0m d s cr |n |||||120110c20119999bccmr ss s0001a0eng  aCaBVIPbengcCaBVIP an-cn-bc00aPower of businessh[electronic resource] :bPower Smart news & tips for business consumers /cBChydro. --30aPower Smart news & tips for business consumersh[electronic resource] a[Vancouver, B.C.] :bBC Hydro,c2011- a1 online resource (v.) :bcol. ill. aMonthly0 aJan. 2011- . -- aWeb page caption title.0 a"A monthly newsletter that helps small to medium businesses energize their bottom line by reducing electricity consumption. Content includes tips on how to reduce energy costs, customer success stories, recent updates from bchydro.com, details about upcoming events & seminars and information about current offers."--Webpage header ( http://www.bchydro.com/news/newsletters/power_of_business.html ). aCatalogue record originally made available by the British Columbia Legislative Library. 0aElectric powerxConservationzBritish ColumbiavPeriodicals 0aBusiness enterprisesxPower supplyzBritish ColumbiavPeriodicals 0aElectric power consumptionzBritish ColumbiavPeriodicals2 aB.C. Hydro.bPower Smart.40uhttp://www.llbc.leg.bc.ca/public/pubdocs/bcdocs2011_2/498769/index.htm a20120101834nas 2200301 a 4500001000700000003000700007005001700014006001900031007001500050008004100065040002400106043001200130245009800142260005800240300002300298310001100321362001500332500002800347520072300375530003101098590009201129650005301221650006301274650006201337710004701399856007501446903001101521508511CaBVIP20120613101600.0m d s cr |n |||||120116c20119999bccar ss s0001a0eng  aCaBVIPbengcCaBVIP an-cn-bc00aGreenhouse gas emissions report summaryh[electronic resource] /cMinistry of Environment. -- a[Victoria, B.C.] :bMinistry of Environment,c[2011]- a1 online resource. aAnnual0 a2010- . -- aPdf file caption title.0 a"The Facility Greenhouse Gas Emissions Reports contain major source category emissions reported under the Reporting Regulation for the following: Single facility operations ; Linear facilities operations ; Linear facilities operations as a whole, Individual facilities within linear facilities operations with emissions equal to or greater than 10,000 tonnes of carbon dioxide equivalent ; One aggregate report summary for all individual facilities within linear facilities operations with emissions less than 10,000 tonnes of carbon dioxide equivalent."--Summary from Ministry of Environment website, viewed Nov. 07, 2011: http://www.env.gov.bc.ca/cas/mitigation/ggrcta/reporting-regulation/2010-emissions-reports.htm aAvailable on the Internet. aCatalogue record originally made available by the British Columbia Legislative Library. 0aGreenhouse gaseszBritish ColumbiavPeriodicals. 0aAirxPollutionzBritish ColumbiaxMeasurementvPeriodicals 0aAirxPollutionzBritish ColumbiavStatisticsvPeriodicals1 aBritish Columbia.bMinistry of Environment40uhttp://www.llbc.leg.bc.ca/public/pubdocs/bcdocs2012_2/508511/index.htm a20120601997nas 22003737a 4500001000700000003000700007005001700014006001900031007001500050008004100065040002400106043001200130245008100142246005300223260004500276300002800321310001100349362002200360500004400382515003000426520049000456530003100946590009200977650005601069650005801125650005601183650006201239650008101301650005401382650007101436710003601507856006901543903001101612458528CaBVIP20120712134500.0m d s c c 090710c20099999bcc r s s0001a1eng  aCaBVIPbengcCaBVIP an-cn-bc00aCarbon neutral action reportsh[electronic resource] :beducation : K-12. --3 aCarbon neutral action reports : school districts a[Victoria, B.C.] :bLiveSmart BC,c2009- a1 online resource ( v.) aAnnual0 a[2008/2009]- . -- aTitle from LiveSmart BC web index-page. aReport year ends in June.0 a"The B.C. government is setting an example and working to ensure that its operations are carbon neutral by 2010. This commitment - enshrined in legislation - is the first of its kind in North America. It applies to all provincial public sector operations, including government ministries and agencies, schools, colleges, universities, health authorities and Crown corporations." -- LiveSmart BC website as viewed July 6, 2009: http://www.livesmartbc.ca/government/school_districts.html aAvailable on the Internet. aCatalogue record originally made available by the British Columbia Legislative Library. 0aEducation and statezBritish ColumbiavPeriodicals. 0aPublic administrationzBritish ColumbiavPeriodicals. 0aEnvironmental policyzBritish ColumbiavPeriodicals 0aCarbon dioxide mitigationzBritish ColumbiavPeriodicals. 0aGreenhouse gas mitigationxGovernment policyzBritish ColumbiavPeriodicals. 0aGovernment travelzBritish ColumbiavPeriodicals. 0aBusiness travelxGovernment policyzBritish ColumbiavPeriodicals.1 aBritish Columbia.bLiveSmart BC40uhttp://www.llbc.leg.bc.ca/public/PubDocs/bcdocs/458528/index.htm a20120702000nas 22003617a 4500001000700000003000700007005001700014006001900031007001500050008004100065040002400106043001200130245009000142260004500232300002800277310001100305362002200316500004400338515003000382520054200412530003100954590009200985650006301077650005801140650005601198650006201254650008101316650005401397650007101451710003601522856006901558903001101627458530CaBVIP20120712134400.0m d s c c 090710c20099999bcc r s s0001a1eng  aCaBVIPbengcCaBVIP an-cn-bc00aCarbon neutral action reportsh[electronic resource] :beducation : postsecondary. -- a[Victoria, B.C.] :bLiveSmart BC,c2009- a1 online resource ( v.) aAnnual0 a[2008/2009]- . -- aTitle from LiveSmart BC web index-page. aReport year ends in June.0 a"Under the Greenhouse Gas Reduction Targets Act, all public sector organizations are required to report out annually, beginning in June of 2009, on their plans and actions taken to reduce greenhouse gas (GHG) emissions. In addition, core government is required to report on emissions associated with business travel beginning in October 2007 through the end of 2008, and on the offsets purchased to achieve carbon neutral travel."--LiveSmart BC website as viewed July 6, 2009: http://www.livesmartbc.ca/government/advanced_education.html aAvailable on the Internet. aCatalogue record originally made available by the British Columbia Legislative Library. 0aHigher education and statezBritish ColumbiavPeriodicals. 0aPublic administrationzBritish ColumbiavPeriodicals. 0aEnvironmental policyzBritish ColumbiavPeriodicals 0aCarbon dioxide mitigationzBritish ColumbiavPeriodicals. 0aGreenhouse gas mitigationxGovernment policyzBritish ColumbiavPeriodicals. 0aGovernment travelzBritish ColumbiavPeriodicals. 0aBusiness travelxGovernment policyzBritish ColumbiavPeriodicals.1 aBritish Columbia.bLiveSmart BC40uhttp://www.llbc.leg.bc.ca/public/PubDocs/bcdocs/458530/index.htm a20120703081nas 22004817a 4500001000700000003000700007005001700014006001900031007001500050008004100065040002400106043001200130245008300142246007700225260004500302300002800347310001100375362002200386500004400408500030800452505020200760515003000962520054400992530003101536590009201567610004201659610006201701610004401763610005201807610005201859610006201911650006701973650005802040650006102098650006202159650008102221650005602302650005402358650007102412710003602483856006902519903001102588458531CaBVIP20120712134400.0m d s c c 090710c20099999bcc r ss s0001a0eng  aCaBVIPbengcCaBVIP an-cn-bc00aCarbon neutral action reportsh[electronic resource] :bhealth authorities. --3 aCarbon neutral action reports : health authorities and affiliatesf2009- a[Victoria, B.C.] :bLiveSmart BC,c2009- a1 online resource ( v.) aAnnual0 a[2008/2009]- . -- aTitle from LiveSmart BC web index-page. a2009 report includes health affiliates: Bella Coola Hospital, Louis Brier Home and Hospital, Menno Hospital, Mount Saint Mary's Hospital, Nisga'a Valley Health Board, Providence Health Care, R.W. Large Memorial Hospital, Saint Joseph's General Hospital, Saint Michael's Center, Wrinch Memorial Hospital.0 aFraser Health Authority -- Interior Health Authority -- Northern Health Authority -- Provincial Health Services Authority -- Vancouver Coastal Health Authority -- Vancouver Island Health Authority. aReport year ends in June.0 a"Under the Greenhouse Gas Reduction Targets Act, all public sector organizations are required to report out annually, beginning in June of 2009, on their plans and actions taken to reduce greenhouse gas (GHG) emissions. In addition, core government is required to report on emissions associated with business travel beginning in October 2007 through the end of 2008, and on the offsets purchased to achieve carbon neutral travel." -- LiveSmart BC website as viewed July 6, 2009: http://www.livesmartbc.ca/government/health_authorities.html aAvailable on the Internet. aCatalogue record originally made available by the British Columbia Legislative Library.20aFraser Health AuthorityvPeriodicals.20aBritish Columbia.bInterior Health AuthorityvPeriodicals20aNorthern Health AuthorityvPeriodicals.20aVancouver Coastal Health AuthorityvPeriodicals20aVancouver Island Health AuthorityvPeriodicals.20aProvincial Health Services Authority (B.C.)vPeriodicals. 0aHealth services administrationzBritish ColumbiavPeriodicals. 0aPublic administrationzBritish ColumbiavPeriodicals. 0aCorporations, GovernmentzBritish ColumbiavPeriodicals. 0aCarbon dioxide mitigationzBritish ColumbiavPeriodicals. 0aGreenhouse gas mitigationxGovernment policyzBritish ColumbiavPeriodicals. 0aEnvironmental policyzBritish ColumbiavPeriodicals 0aGovernment travelzBritish ColumbiavPeriodicals. 0aBusiness travelxGovernment policyzBritish ColumbiavPeriodicals.1 aBritish Columbia.bLiveSmart BC40uhttp://www.llbc.leg.bc.ca/public/PubDocs/bcdocs/458531/index.htm a20120702040nas 22003737a 4500001000700000003000700007005001700014006001900031007001500050008004100065040002400106043001200130245010900142246005800251260004500309300002800354310001100382362002200393500004400415515003000459520049500489530003100984590009201015650006101107650005801168650005601226650006201282650008101344650005401425650007101479710003601550856006901586903001101655458532CaBVIP20120712134200.0m d s c c 090709c20099999bcc r ss s0001a0eng  aCaBVIPbengcCaBVIP an-cn-bc00aCarbon neutral action reportsh[electronic resource] :bGovernment of B.C. : ministries and agencies. --3 aCarbon neutral action reports : core governmentf2010 a[Victoria, B.C.] :bLiveSmart BC,c2009- a1 online resource ( v.) aAnnual0 a[2008/2009]- . -- aTitle from LiveSmart BC web index-page. aReport year ends in June.0 a"The B.C. government is setting an example and working to ensure that its operations are carbon neutral by 2010. This commitment - enshrined in legislation - is the first of its kind in North America. It applies to all provincial public sector operations, including government ministries and agencies, schools, colleges, universities, health authorities and Crown corporations." -- LiveSmart BC website as viewed July 6, 2009: http://www.livesmartbc.ca/government/provincial_ministries.html aAvailable on the Internet. aCatalogue record originally made available by the British Columbia Legislative Library. 0aCorporations, GovernmentzBritish ColumbiavPeriodicals. 0aPublic administrationzBritish ColumbiavPeriodicals. 0aEnvironmental policyzBritish ColumbiavPeriodicals 0aCarbon dioxide mitigationzBritish ColumbiavPeriodicals. 0aGreenhouse gas mitigationxGovernment policyzBritish ColumbiavPeriodicals. 0aGovernment travelzBritish ColumbiavPeriodicals. 0aBusiness travelxGovernment policyzBritish ColumbiavPeriodicals.1 aBritish Columbia.bLiveSmart BC40uhttp://www.llbc.leg.bc.ca/public/PubDocs/bcdocs/458532/index.htm a20120701992nas 22003617a 4500001000700000003000700007005001700014006001900031007001500050008004100065040002400106043001200130245008300142260004500225300002800270310001100298362002000309500004400329515003000373520054500403530003100948590009200979650006101071650005801132650006201190650008101252650005601333650005401389650007101443710003601514856006901550903001101619458533CaBVIP20120827101700.0m d s c c 090709c20099999bccar ss s0001a1eng  aCaBVIPbengcCaBVIP an-cn-bc00aCarbon neutral action reportsh[electronic resource] :bCrown corporations. -- a[Victoria, B.C.] :bLiveSmart BC,c2009- a1 online resource ( v.) aAnnual0 a2008/2009- . -- aTitle from LiveSmart BC web index-page. aReport year ends in June.0 a"Under the Greenhouse Gas Reduction Targets Act, all public sector organizations are required to report out annually, beginning in June of 2009, on their plans and actions taken to reduce greenhouse gas (GHG) emissions. In addition, core government is required to report on emissions associated with business travel beginning in October 2007 through the end of 2008, and on the offsets purchased to achieve carbon neutral travel."--LiveSmart BC website (as viewed July 6, 2009) : http://www.livesmartbc.ca/government/crown_corporations.html aAvailable on the Internet. aCatalogue record originally made available by the British Columbia Legislative Library. 0aCorporations, GovernmentzBritish ColumbiavPeriodicals. 0aPublic administrationzBritish ColumbiavPeriodicals. 0aCarbon dioxide mitigationzBritish ColumbiavPeriodicals. 0aGreenhouse gas mitigationxGovernment policyzBritish ColumbiavPeriodicals. 0aEnvironmental policyzBritish ColumbiavPeriodicals 0aGovernment travelzBritish ColumbiavPeriodicals. 0aBusiness travelxGovernment policyzBritish ColumbiavPeriodicals.1 aBritish Columbia.bLiveSmart BC40uhttp://www.llbc.leg.bc.ca/public/PubDocs/bcdocs/458533/index.htm a20120702053nas 2200361 a 4500001000700000003000700007005001700014006001900031007001500050008004100065040002400106043001200130110002100142245007300163260003900236300002700275310001400302362002000316500002800336500056800364500002500932530003100957550010500988590009201093610005901185650006801244651006901312710002201381710012201403710008201525856007301607903001101680518679CaBVIP20130201112900.0m d s cr |n |||||130128c20139999bcczr ss s0001a0eng  aCaBVIPbengcCaBVIP an-cn-bc1 aBritish Columbia10aBC Government directory extracth[electronic resource] /cDataBC. -- a[Victoria, B.C.] :bDataBC,c2013- a1 online resource (v.) aIrregular0 aJan. 2013- . -- aWeb page caption title: a"A data extract taken from the Government Telephone Directory System (GTDS). This dataset contains the same data as is publicly available on http://dir.gov.bc.ca and contains a listing of BC Government organizations, branchs/offices, and the people working within those organizations. Note that the "Citation" URL references a data dictionary file which describes the various fields in the extract."--Abstract from DataBC website, viewed April 20, 2012: http://www.data.gov.bc.ca/dbc/search/detail.page?recorduid=175584&title=BC%20Government%20Directory%20Extract aFile in HTML format. aAvailable on the Internet. aIssued by Ministry of Labour, Citizens Services and Open Government, Directories and Authentication. aCatalogue record originally made available by the British Columbia Legislative Library.10aBritish ColumbiaxOfficials and employeesvDirectories 0aGovernment executiveszBritish ColumbiaxTelephone directories. 0aBritish ColumbiaxOfficials and employeesvTelephone directories2 aDataBC (Web site)1 aBritish Columbia.bMinistry of Labour, Citizens' Services and Open Government.bDirectories and Authentication Branch1 aBritish Columbia.bMinistry of Labour, Citizens' Services and Open Government40uhttp://www.llbc.leg.bc.ca/public/pubdocs/bcdocs2013/518679/index.htm a20130101455nas 2200337 a 4500001000700000003000700007005001700014006001900031007001500050008004100065040002400106043001200130245011000142246010100252260005200353300002700405310001100432362003000443500002800473500004100501530003100542590009200573650006300665650005700728650008200785650006800867650007200935710002601007856007301033903001101106519886CaBVIP20130131161000.0m d s cr |n |||||130128c20139999bccar ss s0001a0eng  aCaBVIPbengcCaBVIP an-cn-bc00aPerinatal annual indicators for BC residents from ...h[electronic resource] /cPerinatal Services BC. --33aAnnual Indicatorsh[electronic resource].pPerinatal annual indicators for BC residents from ... a[Victoria, B.C.]bPerinatal Services BC,c2013- a1 online resource (v.) aAnnual0 a2002/2003/2011/2012- . -- aWeb page listing title. aAt head of title: Annual Indicators. aAvailable on the Internet. aCatalogue record originally made available by the British Columbia Legislative Library. 0aNewborn infantszBritish ColumbiavStatisticsvPeriodicals 0aPregnancyzBritish ColumbiavStatisticsvPeriodicals 0aPregnant womenxHealth and hygienezBritish ColumbiavStatisticsvPeriodicals 0aObstetricsxPracticezBritish ColumbiavStatisticsvPeriodicals 0aHealth status indicatorszBritish ColumbiaxStatisticsvPeriodicals2 aPerinatal Services BC40uhttp://www.llbc.leg.bc.ca/public/pubdocs/bcdocs2013/519886/index.htm a20130101280nas 2200325 a 4500001000700000003000700007005001700014006001900031007001500050008004100065040002400106043001200130110003200142245007700174246004800251260005400299300002700353310001400380362002000394500002300414530003100437590009200468610007000560610007000630650006200700650005300762650005300815856007500868903001100943521275CaBVIP20130130095000.0m d s cr |n |||||130124c20109999bcczr ss s0001a0eng  aCaBVIPbengcCaBVIP an-cn-bc2 aColumbia Basin Trust (B.C.)10aWater Smart newsetterh[electronic resource] /cColumbia Basin Trust. --3 aColumbia Basin Trust Water Smart newsletter a[Cranbrook, B.C.] :bColumbia Basin Trust,c2010- a1 online resource (v.) aIrregular0 aAug. 2010- . -- aPdf caption title. aAvailable on the Internet. aCatalogue record originally made available by the British Columbia Legislative Library.2 aColumbia Basin Trust (B.C.).bWater Smart InitiativevPeriodicals2 aColumbia Basin Trust (B.C.).bWater Smart InitiativevPeriodicals 0aWater conservationzColumbia River WatershedvPeriodicals 0aWater usezColumbia River WatershedvPeriodicals 0aWater consumptionzBritish ColumbiavPeriodicals40uhttp://www.llbc.leg.bc.ca/public/pubdocs/bcdocs2012_2/521275/index.htm a20130101238nas 2200289 a 4500001000700000003000700007005001700014006001900031007001500050008004100065040002400106043001200130245012000142246011600262260009100378300002700469310001100496362001500507500002800522530003100550590009200581650005300673650005600726710008200782856007300864903001100937522715CaBVIP20130131100500.0m d s cr |n |||||130128c20139999bccar ss s0001a0eng  aCaBVIPbengcCaBVIP an-cn-bc00aSpecies monitoring reportsh[electronic resource] /cMinistry of Forests, Lands and Natural Resource Operations. --33aMinistry of Forests, Lands and Natural Resource Operationsh[electronic resource] :bspecies monitoring reports a[Victoria, B.C.] :bMinistry of Forests, Lands and Natural Resource Operations,c2012- a1 online resource (v.) aAnnual0 a2012- . -- aWeb page listing title. aAvailable on the Internet. aCatalogue record originally made available by the British Columbia Legislative Library. 0aTreesxMonitoringzBritish ColumbiavPeriodicals 0aForests and forestryzBritish ColumbiavPeriodicals1 aBritish Columbia.bMinistry of Forests, Lands and Natural Resource Operations40uhttp://www.llbc.leg.bc.ca/public/pubdocs/bcdocs2013/522715/index.htm a20130101146nas 2200301 a 4500001000700000003000700007005001700014006001900031007001500050008004100065040002400106043002200130245006800152260004100220300002700261310001200288362002300300500002800323500008400351530003100435590009200466650006500558650006500623651005700688710001300745856007500758903001100833525421CaBVIP20130206095000.0m d s cr |n |||||130124c20129999bccmr ss s0001a0eng  aCaBVIPbengcCaBVIP an-cn--bcan-cn---00aAnnual BC origin exportsh[electronic resource] /cBC Stats. -- a[Victoria, B.C.] :bBC Stats,c2012- a1 online resource (v.) aMonthly0 aNov. 8, 2012- . -- aPdf file caption title. a"A release from the Province of British Columbia's central statistical agency." aAvailable on the Internet. aCatalogue record originally made available by the British Columbia Legislative Library. 0aExport marketingzBritish ColumbiaxStatisticsvPeriodicals. 0aExport marketingzCanadaxProvincesvStatisticsvPeriodicals 0aBritish ColumbiaxCommercexStatisticsvPeriodicals.2 aBC Stats40uhttp://www.llbc.leg.bc.ca/public/pubdocs/bcdocs2012_2/525421/index.htm a20130101280nas 2200337 a 4500001000700000003000700007005001700014006001900031007001500050008004100065040002400106043002200130245007000152260004100222300002700263310001200290362002300302500002900325500008400354530003100438530003100469580003600500590009200536650006500628650006500693651005700758710001300815780002800828856007500856903001100931525423CaBVIP20130206094700.0m d s cr |n |||||130124c20139999bcc r ss s0001a1eng  aCaBVIPbengcCaBVIP an-cn--bcan-cn---00aAnnual exports by provinceh[electronic resource] /cBC Stats. -- a[Victoria, B.C.] :bBC Stats,c2012- a1 online resource (v.) aMonthly0 aNov, 8, 2012- . -- aPdf file caption title." a"A release from the Province of British Columbia's central statistical agency." aAvailable on the Internet. aAvailable on the Internet. aContinues: Exports by province. aCatalogue record originally made available by the British Columbia Legislative Library. 0aExport marketingzBritish ColumbiaxStatisticsvPeriodicals. 0aExport marketingzCanadaxProvincesvStatisticsvPeriodicals 0aBritish ColumbiaxCommercexStatisticsvPeriodicals.2 aBC Stats10tExports by province. --40uhttp://www.llbc.leg.bc.ca/public/pubdocs/bcdocs2012_2/525423/index.htm a20130101389nas 2200325 a 4500001000700000003000700007005001700014006001900031007001500050008004100065040002400106043001200130110004700142245010200189260007600291300004000367310001400407362003300421500002800454530003100482590009200513610006000605650006500665650005200730650007100782651006100853651006300914856007500977903001101052525650CaBVIP20130201121500.0m d s cr |n |||||130124c20129999bcczr ss s0001a0eng  aCaBVIPbengcCaBVIP an-cn-bc2 aColumbia Basin Rural Development Institute10aRDI connecth[electronic resource] /cColumbia Basin Rural Development Institute RDI Connect . -- a[Castlegar, B.C.] :bColumbia Basin Rural Development Institute,c2012- a1 online resource (v.) :bcol. ill. aIrregular0 aIssue 1 (July 1, 2012)- . -- aPdf file caption title. aAvailable on the Internet. aCatalogue record originally made available by the British Columbia Legislative Library.20aColumbia Basin Rural Development InstitutevPeriodicals 0aCommunity devleopmentzColumbia River WatershedvPeriodicals 0aLand usezColumbia River WatershedvPeriodicals 0aWater resources developmentzColumbia River WatershedvPeriodicals 0aColumbia River WatershedxSocial conditionsvPeriodicals 0aColumbia River WatershedxEconomic conditionsvPeriodicals40uhttp://www.llbc.leg.bc.ca/public/pubdocs/bcdocs2012_2/525650/index.htm a20130101834nas 2200301 a 4500001000700000003000700007005001700014006001900031007001500050008004100065040002400106043001200130245009800142260005800240300002300298310001100321362001500332500002800347520072300375530003101098590009201129650005301221650006301274650006201337710004701399856007501446903001101521508511CaBVIP20130703135600.0m d s cr |n |||||120116c20119999bccar ss s0001a0eng  aCaBVIPbengcCaBVIP an-cn-bc00aGreenhouse gas emissions report summaryh[electronic resource] /cMinistry of Environment. -- a[Victoria, B.C.] :bMinistry of Environment,c[2011]- a1 online resource. aAnnual0 a2010- . -- aPdf file caption title.0 a"The Facility Greenhouse Gas Emissions Reports contain major source category emissions reported under the Reporting Regulation for the following: Single facility operations ; Linear facilities operations ; Linear facilities operations as a whole, Individual facilities within linear facilities operations with emissions equal to or greater than 10,000 tonnes of carbon dioxide equivalent ; One aggregate report summary for all individual facilities within linear facilities operations with emissions less than 10,000 tonnes of carbon dioxide equivalent."--Summary from Ministry of Environment website, viewed Nov. 07, 2011: http://www.env.gov.bc.ca/cas/mitigation/ggrcta/reporting-regulation/2010-emissions-reports.htm aAvailable on the Internet. aCatalogue record originally made available by the British Columbia Legislative Library. 0aGreenhouse gaseszBritish ColumbiavPeriodicals. 0aAirxPollutionzBritish ColumbiaxMeasurementvPeriodicals 0aAirxPollutionzBritish ColumbiavStatisticsvPeriodicals1 aBritish Columbia.bMinistry of Environment40uhttp://www.llbc.leg.bc.ca/public/pubdocs/bcdocs2012_2/508511/index.htm a20130701997nas 22003737a 4500001000700000003000700007005001700014006001900031007001500050008004100065040002400106043001200130245008100142246005300223260004500276300002800321310001100349362002200360500004400382515003000426520049000456530003100946590009200977650005601069650005801125650005601183650006201239650008101301650005401382650007101436710003601507856006901543903001101612458528CaBVIP20130827120700.0m d s c c 090710c20099999bcc r s s0001a1eng  aCaBVIPbengcCaBVIP an-cn-bc00aCarbon neutral action reportsh[electronic resource] :beducation : K-12. --3 aCarbon neutral action reports : school districts a[Victoria, B.C.] :bLiveSmart BC,c2009- a1 online resource ( v.) aAnnual0 a[2008/2009]- . -- aTitle from LiveSmart BC web index-page. aReport year ends in June.0 a"The B.C. government is setting an example and working to ensure that its operations are carbon neutral by 2010. This commitment - enshrined in legislation - is the first of its kind in North America. It applies to all provincial public sector operations, including government ministries and agencies, schools, colleges, universities, health authorities and Crown corporations." -- LiveSmart BC website as viewed July 6, 2009: http://www.livesmartbc.ca/government/school_districts.html aAvailable on the Internet. aCatalogue record originally made available by the British Columbia Legislative Library. 0aEducation and statezBritish ColumbiavPeriodicals. 0aPublic administrationzBritish ColumbiavPeriodicals. 0aEnvironmental policyzBritish ColumbiavPeriodicals 0aCarbon dioxide mitigationzBritish ColumbiavPeriodicals. 0aGreenhouse gas mitigationxGovernment policyzBritish ColumbiavPeriodicals. 0aGovernment travelzBritish ColumbiavPeriodicals. 0aBusiness travelxGovernment policyzBritish ColumbiavPeriodicals.1 aBritish Columbia.bLiveSmart BC40uhttp://www.llbc.leg.bc.ca/public/PubDocs/bcdocs/458528/index.htm a20130802040nas 22003737a 4500001000700000003000700007005001700014006001900031007001500050008004100065040002400106043001200130245010900142246005800251260004500309300002800354310001100382362002200393500004400415515003000459520049500489530003100984590009201015650006101107650005801168650005601226650006201282650008101344650005401425650007101479710003601550856006901586903001101655458532CaBVIP20130829090000.0m d s c c 090709c20099999bcc r ss s0001a0eng  aCaBVIPbengcCaBVIP an-cn-bc00aCarbon neutral action reportsh[electronic resource] :bGovernment of B.C. : ministries and agencies. --3 aCarbon neutral action reports : core governmentf2010 a[Victoria, B.C.] :bLiveSmart BC,c2009- a1 online resource ( v.) aAnnual0 a[2008/2009]- . -- aTitle from LiveSmart BC web index-page. aReport year ends in June.0 a"The B.C. government is setting an example and working to ensure that its operations are carbon neutral by 2010. This commitment - enshrined in legislation - is the first of its kind in North America. It applies to all provincial public sector operations, including government ministries and agencies, schools, colleges, universities, health authorities and Crown corporations." -- LiveSmart BC website as viewed July 6, 2009: http://www.livesmartbc.ca/government/provincial_ministries.html aAvailable on the Internet. aCatalogue record originally made available by the British Columbia Legislative Library. 0aCorporations, GovernmentzBritish ColumbiavPeriodicals. 0aPublic administrationzBritish ColumbiavPeriodicals. 0aEnvironmental policyzBritish ColumbiavPeriodicals 0aCarbon dioxide mitigationzBritish ColumbiavPeriodicals. 0aGreenhouse gas mitigationxGovernment policyzBritish ColumbiavPeriodicals. 0aGovernment travelzBritish ColumbiavPeriodicals. 0aBusiness travelxGovernment policyzBritish ColumbiavPeriodicals.1 aBritish Columbia.bLiveSmart BC40uhttp://www.llbc.leg.bc.ca/public/PubDocs/bcdocs/458532/index.htm a20130801992nas 22003617a 4500001000700000003000700007005001700014006001900031007001500050008004100065040002400106043001200130245008300142260004500225300002800270310001100298362002000309500004400329515003000373520054500403530003100948590009200979650006101071650005801132650006201190650008101252650005601333650005401389650007101443710003601514856006901550903001101619458533CaBVIP20130829090100.0m d s c c 090709c20099999bccar ss s0001a1eng  aCaBVIPbengcCaBVIP an-cn-bc00aCarbon neutral action reportsh[electronic resource] :bCrown corporations. -- a[Victoria, B.C.] :bLiveSmart BC,c2009- a1 online resource ( v.) aAnnual0 a2008/2009- . -- aTitle from LiveSmart BC web index-page. aReport year ends in June.0 a"Under the Greenhouse Gas Reduction Targets Act, all public sector organizations are required to report out annually, beginning in June of 2009, on their plans and actions taken to reduce greenhouse gas (GHG) emissions. In addition, core government is required to report on emissions associated with business travel beginning in October 2007 through the end of 2008, and on the offsets purchased to achieve carbon neutral travel."--LiveSmart BC website (as viewed July 6, 2009) : http://www.livesmartbc.ca/government/crown_corporations.html aAvailable on the Internet. aCatalogue record originally made available by the British Columbia Legislative Library. 0aCorporations, GovernmentzBritish ColumbiavPeriodicals. 0aPublic administrationzBritish ColumbiavPeriodicals. 0aCarbon dioxide mitigationzBritish ColumbiavPeriodicals. 0aGreenhouse gas mitigationxGovernment policyzBritish ColumbiavPeriodicals. 0aEnvironmental policyzBritish ColumbiavPeriodicals 0aGovernment travelzBritish ColumbiavPeriodicals. 0aBusiness travelxGovernment policyzBritish ColumbiavPeriodicals.1 aBritish Columbia.bLiveSmart BC40uhttp://www.llbc.leg.bc.ca/public/PubDocs/bcdocs/458533/index.htm a20130802000nas 22003617a 4500001000700000003000700007005001700014006001900031007001500050008004100065040002400106043001200130245009000142260004500232300002800277310001100305362002200316500004400338515003000382520054200412530003100954590009200985650006301077650005801140650005601198650006201254650008101316650005401397650007101451710003601522856006901558903001101627458530CaBVIP20130911091900.0m d s c c 090710c20099999bcc r s s0001a1eng  aCaBVIPbengcCaBVIP an-cn-bc00aCarbon neutral action reportsh[electronic resource] :beducation : postsecondary. -- a[Victoria, B.C.] :bLiveSmart BC,c2009- a1 online resource ( v.) aAnnual0 a[2008/2009]- . -- aTitle from LiveSmart BC web index-page. aReport year ends in June.0 a"Under the Greenhouse Gas Reduction Targets Act, all public sector organizations are required to report out annually, beginning in June of 2009, on their plans and actions taken to reduce greenhouse gas (GHG) emissions. In addition, core government is required to report on emissions associated with business travel beginning in October 2007 through the end of 2008, and on the offsets purchased to achieve carbon neutral travel."--LiveSmart BC website as viewed July 6, 2009: http://www.livesmartbc.ca/government/advanced_education.html aAvailable on the Internet. aCatalogue record originally made available by the British Columbia Legislative Library. 0aHigher education and statezBritish ColumbiavPeriodicals. 0aPublic administrationzBritish ColumbiavPeriodicals. 0aEnvironmental policyzBritish ColumbiavPeriodicals 0aCarbon dioxide mitigationzBritish ColumbiavPeriodicals. 0aGreenhouse gas mitigationxGovernment policyzBritish ColumbiavPeriodicals. 0aGovernment travelzBritish ColumbiavPeriodicals. 0aBusiness travelxGovernment policyzBritish ColumbiavPeriodicals.1 aBritish Columbia.bLiveSmart BC40uhttp://www.llbc.leg.bc.ca/public/PubDocs/bcdocs/458530/index.htm a20130903100nas 22004817a 4500001000700000003000700007005001700014006001900031007001500050008004100065040002400106043001200130245008300142246007700225260004500302300002800347310001100375362002200386500004400408500030800452505020200760515003000962520054400992530003101536590009201567610004201659610006201701610004401763610007101807610005201878610006201930650006701992650005802059650006102117650006202178650008102240650005602321650005402377650007102431710003602502856006902538903001102607458531CaBVIP20130911091800.0m d s c c 090710c20099999bcc r ss s0001a0eng  aCaBVIPbengcCaBVIP an-cn-bc00aCarbon neutral action reportsh[electronic resource] :bhealth authorities. --3 aCarbon neutral action reports : health authorities and affiliatesf2009- a[Victoria, B.C.] :bLiveSmart BC,c2009- a1 online resource ( v.) aAnnual0 a[2008/2009]- . -- aTitle from LiveSmart BC web index-page. a2009 report includes health affiliates: Bella Coola Hospital, Louis Brier Home and Hospital, Menno Hospital, Mount Saint Mary's Hospital, Nisga'a Valley Health Board, Providence Health Care, R.W. Large Memorial Hospital, Saint Joseph's General Hospital, Saint Michael's Center, Wrinch Memorial Hospital.0 aFraser Health Authority -- Interior Health Authority -- Northern Health Authority -- Provincial Health Services Authority -- Vancouver Coastal Health Authority -- Vancouver Island Health Authority. aReport year ends in June.0 a"Under the Greenhouse Gas Reduction Targets Act, all public sector organizations are required to report out annually, beginning in June of 2009, on their plans and actions taken to reduce greenhouse gas (GHG) emissions. In addition, core government is required to report on emissions associated with business travel beginning in October 2007 through the end of 2008, and on the offsets purchased to achieve carbon neutral travel." -- LiveSmart BC website as viewed July 6, 2009: http://www.livesmartbc.ca/government/health_authorities.html aAvailable on the Internet. aCatalogue record originally made available by the British Columbia Legislative Library.20aFraser Health AuthorityvPeriodicals.20aBritish Columbia.bInterior Health AuthorityvPeriodicals20aNorthern Health AuthorityvPeriodicals.20aBritish Columbia.bVancouver Coastal Health AuthorityvPeriodicals20aVancouver Island Health AuthorityvPeriodicals.20aProvincial Health Services Authority (B.C.)vPeriodicals. 0aHealth services administrationzBritish ColumbiavPeriodicals. 0aPublic administrationzBritish ColumbiavPeriodicals. 0aCorporations, GovernmentzBritish ColumbiavPeriodicals. 0aCarbon dioxide mitigationzBritish ColumbiavPeriodicals. 0aGreenhouse gas mitigationxGovernment policyzBritish ColumbiavPeriodicals. 0aEnvironmental policyzBritish ColumbiavPeriodicals 0aGovernment travelzBritish ColumbiavPeriodicals. 0aBusiness travelxGovernment policyzBritish ColumbiavPeriodicals.1 aBritish Columbia.bLiveSmart BC40uhttp://www.llbc.leg.bc.ca/public/PubDocs/bcdocs/458531/index.htm a20130901775nas 2200325 a 4500001000700000003000700007005001700014006001900031007001500050008004100065040002400106043001200130110004500142245005300187260005400240300002300294310001100317362002000328500002000348520056500368530003100933580007800964590009201042650006301134650005001197650005601247780006001303856007501363903001101438485538CaBVIP20130917145700.0m d s cr || ||||||||110720c20089999bcc r s s0001a1eng  aCaBVIPbengcCaBVIP an-cn-bc10aBritish Columbia.bMinistry of Education10aAchievement contractsh[electronic resource]. -- a[Victoria, B.C. :bMinistry of Education],c2008- a1 online resource. aAnnual0 a2007/2008- . -- aWeb page title.0 aAchievement Contracts are the Boards of Education's public commitment to improving student achievement. They are based on thoughtful consideration of student performance information at the classroom, school, district and provincial level. Achievement Contracts reflect the unique characteristics, priorities and needs of each district. The Contracts are part of an accountability cycle for schools, school districts, and for the Ministry of Education.--Cf. As viewed on ministry website on July 15, 2011 http://www.bced.gov.bc.ca/schools/sdinfo/acc_contracts/. aAvailable on the Internet. aContinues: Backgrounder : school board accountability contract summaries. aCatalogue record originally made available by the British Columbia Legislative Library. 0aEducational accountabilityzBritish ColumbiavPeriodicals. 0aSchool boardszBritish ColumbiavPeriodicals. 0aEducation and statezBritish ColumbiavPeriodicals.10aBritish Columbia. Ministry of EducationtBackgrounder :40uhttp://www.llbc.leg.bc.ca/public/pubdocs/bcdocs2011_2/485538/index.htm a20130902287nas 2200337 a 4500001000700000003000700007005001700014006001900031007001500050008004100065040002400106043001200130110003700142245007500179246005100254260006600305300004100371310001100412362001500423500002400438500063500462505036101097530003101458590009201489650008501581650007701666650006701743651005501810856007301865903001101938537394CaBVIP20140203100200.0m d s cr || ||||||||140121c20119999bccar s s0001a0eng  aCaBVIPbengcCaBVIP an-cn-bc1 aBritish Columbia.bIsland Health10aLocal health area profilesh[electronic resource] /cIsland Health. --33aIsland Health local health area profilesf2010 a[Victoria, B.C.] :bVancouver Island Health Authority,c2011- aonline resources ;bcol. ill., maps. aAnnual0 a2010- . -- aTitle from website. a"There are 14 local health areas (LHAs) within the VIHA boundaries which have historically had information collected geographically that reflects the health of communities. The profiles below provide information about each area's population, health status and how often health services are used. The statistical information in these profiles is compiled from a variety of sources, including BC Statistics, BC Vital Statistics, the Ministry of Health, and the Canadian Institute of Health Information."--Abstract from Vancouver Island Health Authority website, viewed January 21, 2014: http://www.viha.ca/mho/stats/lha_profiles.htm0 a2010 interpretation guide -- LHA 61 Greater Victoria -- LHA 62 Sooke -- LHA 63 Saanich -- LHA 64 Gulf Islands -- LHA 65 Cowichan -- LHA 66 Lake Cowichan -- LHA 67 Ladysmith -- LHA 68 Nanaimo -- LHA 69 Qualicum -- LHA 70 Alberni -- LHA 70 Alberni -- LHA 71 Courtenay -- LHA 72 Campbell River -- LHA 84 Vancouver Island West -- LHA 85 Vancouver Island North. aAvailable on the Internet. aCatalogue record originally made available by the British Columbia Legislative Library. 0aHealth services administrationzBritish ColumbiazVancouver IslandvPeriodicals. 0aHealth status indicatorszBritish ColumbiazVancouver IslandvStatistics 0aMedical carezBritish ColumbiazVancouver IslandvPeriodicals. 0aBritish ColumbiaxStatistics, MedicalvPeriodicals40uhttp://www.llbc.leg.bc.ca/public/pubdocs/bcdocs2014/537394/index.htm a20140101459nas 2200349 a 4500001000700000003000700007005001700014006001900031007001500050008004100065040002400106043001200130110003200142240005400174245010500228246006900333246007400402260005900476300002200535310001400557362002400571500003100595500004700626530003100673590009200704610004400796650006300840650007100903651005100974856007301025903001101098538609CaBVIP20140401100600.0m o d s cr |n |||||140314c20129999bccqr p ss s0001a0eng  aCaBVIPbengcCaBVIP an-cn-bc2 aColumbia Power Corporation.10aFinancial statements (Columbia Power Corporation)10aInterim report for the ... months ended ...h[electronic resource] /cColumbia Power Corporation. --33aColumbia Power Corporation interim reporth[electronic resource]33aQuarterly reports (Columbia Power Corporation)h[electronic resource] a[Victoria, B.C.] :bColumbia Power Corporation,c2002- aonline resources. aQuarterly0 aJune 30, 2012- . -- aPdf file cover page title. aWeb page listing title: Quarterly reports. aAvailable on the Internet. aCatalogue record originally made available by the British Columbia Legislative Library.20aColumbia Power CorporationvPeriodicals 0aWater resources developmentzBritish ColumbiavPeriodicals 0aWater resources developmentzColumbia River WatershedvPeriodicals 0aColumbia RiverxPower utilizationvPeriodicals40uhttp://www.llbc.leg.bc.ca/public/pubdocs/bcdocs2014/538609/index.htm a20140302117nas 2200385 a 4500001000700000003000700007005001700014006001900031007001500050008004100065040002400106043001200130110006000142245007800202246009700280260009400377300002200471310001400493362002300507500006500530500020400595530003100799550010000830590009200930610005801022650011801080650010401198650007501302650008401377710005601461710004601517710008401563856007301647903001101720538660CaBVIP20140401093300.0m o d s cr |n |||||140314c20139999bcczx ss s0001a0eng  aCaBVIPbengcCaBVIP an-cn-bc2 aSite C Clean Energy Project Joint Review Panel (Canada)10aSite C Clean Energy Project under review panelh[electronic resource]. --33aSubmissions (Site C Clean Energy Project Joint Review Panel (Canada))h[electronic resource] a[Victoria, B.C.] :bEnvironmental Assessment Office, Project Information Centre,c[2013]- aonline resources. aIrregular0 aDec. 9, 2013- . -- aWeb index page caption title with added title by Cataloguer. aComprises a collection of PDF files of submissions, emails and schedules and forms relating to the Site C Clean Energy Project Joint Review Panel hearings beginning Sept. 27, 2013 and continuing to . aAvailable on the Internet. aIssued by Canadian Environmental Assessment Agency and the BC Environmental Assessment Office . aCatalogue record originally made available by the British Columbia Legislative Library.20aB.C. Hydro.bSite C Clean Energy ProjectvPeriodicals 0aHydroelectric power plantsxEnvironmental aspectszBritish ColumbiazPeace River (Regional district)vPeriodicals 0aHydroelectric power plantsxEnvironmental aspectszPeace River Region (B.C. and Alta.)vPeriodicals 0aDamsxEnvironmental aspectszPeace River (B.C. and Alta.)vPeriodicals 0aEnvironmental impact analysiszPeace River Region (B.C. and Alta.)vPeriodicals1 aBritish Columbia.bEnvironmental Assessment Office.2 aCanadian Environmental Assessment Agency.1 aBritish Columbia.bEnvironmental Assessment Office.bProject Information Centre40uhttp://www.llbc.leg.bc.ca/public/pubdocs/bcdocs2014/538660/index.htm a20140301585nas 2200325 a 4500001000700000003000700007005001700014006001900031007001500050008004100065040002400106043001200130110007700142240008400219245003800303246006800341260011500409300002200524310004500546362005800591500002800649500003100677590009200708610009000800610012100890650011801011710004401129856007501173903001101248533658CaBVIP20140619124300.0m o d s cr |n |||||140515c20099999bccur ss s0001a0eng  aCaBVIPbengcCaBVIP an-cn-bc10aBritish Columbia.bLegislative Assembly.bSpecial Committee of Selection10aReport (British Columbia. Legislative Assembly. Special Committee of Selection)10aReporth[electronic resource]. --33aReporth[electronic resource] :bSpecial Committee of Selection a[Victoria, B.C.] :bLegislative Assembly, Province of British Columbia, Special Committee of Selection,c2009- aonline resources. aIrregular during parliamentary sessions.0 aFirst Session, 39th Parliament (Sept. 14, 2009)- . -- aPDF file caption title. aAvailable on the Internet. aCatalogue record originally made available by the British Columbia Legislative Library.10aBritish Columbia.bLegislative Assembly.bSpecial Committee of SelectionvPeriodicals10aBritish Columbia.bLegislative AssemblyxCommitteesxOfficials and employeesxSelection and appointmentvPeriodicals 0aLegislative bodiesxCommitteesxOfficials and employeesxSelection and appointmentzBritish ColumbiavPeriodicals1 aBritish Columbia.bLegislative Assembly40uhttp://www.llbc.leg.bc.ca/public/pubdocs/bcdocs2014_2/533658/index.htm a20140501271nas 2200313 a 4500001000700000003000700007005001700014006001900031007001500050008004100065040002400106043001200130110004400142245007000186246010400256260005200360300002500412310001400437362006800451500003100519530003100550550003500581590009200616610005700708650006300765710004300828856007500871903001100946536178CaBVIP20140529130600.0m o d s cr |n |||||140529c20132013bcczx ss s0001a0eng  aCaBVIPbengcCaBVIP an-cn-bc1 aBritish Columbia.bLiquor Policy Review10aB.C. Liquor Policy Review blog archiveh[electronic resource]. --33aBritish Columbia Ministry of Justice, B.C. Liquor Policy Review blog archiveh[electronic resource] a[Victoria, B.C.] :bMinistry of Justice,c2013. a13 online resources. aIrregular0 aBlog post #1 (Sept. 14, 2013)-Blog post #13 (Nov. 29, 2013). -- aCataloguer supplied title. aAvailable on the Internet. aIssued by Ministry of Justice. aCatalogue record originally made available by the British Columbia Legislative Library.10aBritish Columbia.bLiquor Policy ReviewvPeriodicals 0aLiquor lawszBritish ColumbiaxPublic opinionvPeriodicals1 aBritish Columbia.bMinistry of Justice40uhttp://www.llbc.leg.bc.ca/public/pubdocs/bcdocs2013_2/536178/index.htm a20140501863nas 2200397 a 4500001000700000003000700007005001700014006001900031007001500050008004100065040002400106043001200130110001500142245020100157260004900358300002600407310001100433362001500444490003100459500003100490500003500521500012700556530003100683590009200714610006600806650006000872650008300932650007301015650009501088710005601183710008801239710002201327810003201349856007301381903001101454538656CaBVIP20140702094600.0m o d s cr |n |||||140605c20139999bccar ss s0001a0eng  aCaBVIPbengcCaBVIP an-cn-bc2 aB.C. Hydro10aAnnual report on the compliance with the environmental assessment certificate commitments and the federal supplemental report for the Northwest Transmission Line Projecth[electronic resource]. -- a[Burnaby, B.C.] :bGolder Associates,c2013- aonline resources. --. aAnnual0 a2013- . --1 aReport / Golder Associates aPDF file cover page title. aPrepared by Golder Associates. aSubmitted to Environmental Assessment Office and West/North Directorate, Program Operations Branch, Infrastructure Canada. aAvailable on the Internet. aCatalogue record originally made available by the British Columbia Legislative Library.20aB.C. Hydro.bNorthwest Transmission Line ProjectvPeriodicals 0aElectric lineszBritish Columbia, NorthernvPeriodicals 0aElectric linesxEnvironmental aspectszBritish Columbia, NorthernvPeriodicals 0aElectric power transmissionzBritish Columbia, NorthernvPeriodicals 0aElectric power transmissionxEnvironmental aspectszBritish Columba, NorthernvPeriodicals1 aBritish Columbia.bEnvironmental Assessment Office.1 aCanada.bInfrastructure Canada.bProgram Operations Branch.bWest/North Directorate2 aGolder Associates1 aGolder Associates.tReport.40uhttp://www.llbc.leg.bc.ca/public/pubdocs/bcdocs2014/538656/index.htm a20140601992nas 22003617a 4500001000700000003000700007005001700014006001900031007001500050008004100065040002400106043001200130245008300142260004500225300002800270310001100298362002000309500004400329515003000373520054500403530003100948590009200979650006101071650005801132650006201190650008101252650005601333650005401389650007101443710003601514856006901550903001101619458533CaBVIP20140801120400.0m d s c c 090709c20099999bccar ss s0001a1eng  aCaBVIPbengcCaBVIP an-cn-bc00aCarbon neutral action reportsh[electronic resource] :bCrown corporations. -- a[Victoria, B.C.] :bLiveSmart BC,c2009- a1 online resource ( v.) aAnnual0 a2008/2009- . -- aTitle from LiveSmart BC web index-page. aReport year ends in June.0 a"Under the Greenhouse Gas Reduction Targets Act, all public sector organizations are required to report out annually, beginning in June of 2009, on their plans and actions taken to reduce greenhouse gas (GHG) emissions. In addition, core government is required to report on emissions associated with business travel beginning in October 2007 through the end of 2008, and on the offsets purchased to achieve carbon neutral travel."--LiveSmart BC website (as viewed July 6, 2009) : http://www.livesmartbc.ca/government/crown_corporations.html aAvailable on the Internet. aCatalogue record originally made available by the British Columbia Legislative Library. 0aCorporations, GovernmentzBritish ColumbiavPeriodicals. 0aPublic administrationzBritish ColumbiavPeriodicals. 0aCarbon dioxide mitigationzBritish ColumbiavPeriodicals. 0aGreenhouse gas mitigationxGovernment policyzBritish ColumbiavPeriodicals. 0aEnvironmental policyzBritish ColumbiavPeriodicals 0aGovernment travelzBritish ColumbiavPeriodicals. 0aBusiness travelxGovernment policyzBritish ColumbiavPeriodicals.1 aBritish Columbia.bLiveSmart BC40uhttp://www.llbc.leg.bc.ca/public/PubDocs/bcdocs/458533/index.htm a20140702207nas 2200409 a 4500001000700000003000700007005001700014006001900031007001500050008004100065040002400106043001200130110004000142245020000182246006200382246010200444260002900546260006900575300002200644310001500666362002500681500002800706500025200734500006300986500012001049530003101169590009201200610005401292650006201346650004301408650006201451650004301513710004901556730010601605856007501711903001101786542597CaBVIP20140808100100.0m o d s cr |n |||||140709c20119999bccfr p s s0001a0eng  aCaBVIPbengcCaBVIP an-cn-bc1 aBritish Columbia.bProvincial Court10aJustice delayedh[electronic resource] :ba report of the Provincial Court of British Columbia concerning judicial resources /cOffice of the Chief Judge, Provincial Court of British Columbia. --33aTime to trial, updates (as of ...)h[electronic resource]33aReport of the Provincial Court of British Columbia concerning judicial resources,fMar. 31, 2013- bProvincial Court,c2011- a[Victoria, B.C.] :bProvincial Court of British Columbia,c2011- aonline resources. aSemiannual0 aSept. 30, 2011- . -- aPDF file caption title. aTitle varies: Sept. 30, 2011-Sept. 30, 2012, Justice delayed : a report of the Provincial Court of British Columbia concerning judicial resources; Mar. 31, 2013- , A report of the Provincial Court of British Columbia concerning judicial resources. aWeb page listing title: Time to trial, updates (as of ...) aAn update of: Justice delayed : a report of the Provincial Court of British Columbia concerning judicial resources. aAvailable on the Internet. aCatalogue record originally made available by the British Columbia Legislative Library.10aBritish Columbia.bProvincial CourtvPeriodicals. 0aJustice, Administration ofzBritish ColumbiavPeriodicals 0aJudgeszBritish ColumbiavPeriodicals. 0aCourt congestion and delayzBritish ColumbiavPeriodicals 0aCourtszBritish ColumbiavPeriodicals.10aBritish Columbia.bOffice of the Chief Judge0 aJustice delayed : a report of the Provincial Court of British Columbia concerning judicial resources.40uhttp://www.llbc.leg.bc.ca/public/pubdocs/bcdocs2014_2/542597/index.htm a20140701853nas 22003857a 4500001000700000003000700007005001700014006001900031007001500050008004100065040002400106043001200130240009000142245010600232246007300338246005600411246006900467246009100536260005500627300002100682310001100703362001700714500002100731500018300752530003100935550007000966590009201036650005601128650006501184710004501249710004301294710004401337856007501381903001101456543339CaBVIP20140801115100.0m |o d cr || |||| 140708c20089999bccar p s s0001a0eng  aCaBVIPbengcCaBVIP an-cn-bc10aDistrict literacy plan (School District #34 (Abbotsford, B.C.) : Electronic resource)00aCommunity/district literacy planh[electronic resource] /cSchool District #34 (Abbotsford, B.C.). --33aAbbotsford district literacy planh[electronic resource]f20010-201133aDistrict literacy planh[electronic resource]f201233aAbbotsford Community Literacy Planh[electronic resource]f2013-33aCommunity literacy plan (School District #34 (Abbotsford, B.C.) : Electronic resource) a[Victoria, B.C. :bMinistry of Education,c2008- ] aOnline resource. aAnnual0 a[2008]- . -- aPdf cover title. aTitle varies: 2008-2009, Community/district literacy plan; 2010-2011, Abbotsford district literacy plan; 2012, District literacy plan, 2013- , Abbotsford Community Literacy Plan. aAvailable on the Internet. aco-published by: 2010- , Literacy Matters Association Abbotsford. aCatalogue record originally made available by the British Columbia Legislative Library. 0aLiteracyzBritish ColumbiazAbbotsfordvPeriodicals 0aLiteracy programszBritish ColumbiazAbbotsfordvPeriodicals10aBritish Columbia.bMinistry of Education1 aSchool District #34 (Abbotsford, B.C.)1 aLiteracy Matters Association Abbotsford40uhttp://www.llbc.leg.bc.ca/public/pubdocs/bcdocs2014_2/543339/index.htm a20140701282nas 22003137a 4500001000700000003000700007005001700014006001900031007001500050008004100065040002400106043001200130240008700142245009300229246008800322260005400410300002100464310001100485362001800496500002100514530003100535590009200566650006500658650007400723710004500797710004000842856007500882903001100957543350CaBVIP20140820144900.0m |o d cr || |||| 140708c20089999bccar p s s0001a0eng  aCaBVIPbengcCaBVIP an-cn-bc10aDistrict literacy plan (School District #70 (Alberni, B.C.) : Electronic resource)00aDistrict literacy planh[electronic resource] /cSchool District #70 (Alberni, B.C.). --33aCommunity literacy plan (School District #70 (Alberni, B.C.) : Electronic resource) a[Victoria, B.C. :bMinistry of Education],c2008- aOnline resource. aAnnual0 a2008/09- . -- aPdf cover title. aAvailable on the Internet. aCatalogue record originally made available by the British Columbia Legislative Library. 0aLiteracyzBritish ColumbiazPort Alberni RegionvPeriodicals 0aLiteracy programszBritish ColumbiazPort Alberni RegionvPeriodicals10aBritish Columbia.bMinistry of Education2 aSchool District #70 (Alberni, B.C.)40uhttp://www.llbc.leg.bc.ca/public/pubdocs/bcdocs2014_2/543350/index.htm a20140701305nas 22003137a 4500001000700000003000700007005001700014006001900031007001500050008004100065040002400106043001200130240009400142245011000236246009500346260005400441300002100495310001100516362001500527500002100542530003100563590009200594650005900686650006800745710004500813710004700858856007500905903001100980543353CaBVIP20140801115200.0m |o d cr || |||| 140708c20089999bccar p s s0001a0eng  aCaBVIPbengcCaBVIP an-cn-bc10aDistrict literacy plan (School District No. 10 (Arrow Lakes, B.C.) : Electronic resource)00aCommunity/district literacy planh[electronic resource] /cSchool District No. 10 (Arrow Lakes, B.C.). --33aCommunity literacy plan (School District No. 10 (Arrow Lakes, B.C.) : Electronic resource) a[Victoria, B.C. :bMinistry of Education],c2008- aOnline resource. aAnnual0 a2008- . -- aPdf cover title. aAvailable on the Internet. aCatalogue record originally made available by the British Columbia Legislative Library. 0aLiteracyzBritish ColumbiazNakusp RegionvPeriodicals 0aLiteracy programszBritish ColumbiazNakusp RegionvPeriodicals10aBritish Columbia.bMinistry of Education1 aSchool District No. 10 (Arrow Lakes, B.C.)40uhttp://www.llbc.leg.bc.ca/public/pubdocs/bcdocs2014_2/543353/index.htm a20140701683nas 22003737a 4500001000700000003000700007005001700014006001900031007001500050008004100065040002400106043001200130240008800142245010400230246006700334246008900401260005400490300002100544310001100565362001500576500002100591500010500612530003100717550010100748590009200849650006300941650007201004710004501076710004101121710004101162710002001203856007501223903001101298543355CaBVIP20140801115300.0m |o d cr || |||| 140708c20089999bccar p s s0001a0eng  aCaBVIPbengcCaBVIP an-cn-bc10aDistrict literacy plan (School District #51 (Boundary, B.C.) : Electronic resource)00aCommunity-district literacy planh[electronic resource] /cSchool District #51 (Boundary, B.C.). --3 aDistrict-community literacy planh[electronic resource]f2013-33aCommunity literacy plan (School District #51 (Boundary, B.C.) : Electronic resource) a[Victoria, B.C. :bMinistry of Education],c2008- aOnline resource. aAnnual0 a2008- . -- aPdf cover title. aTitle varies: 2008-2012, Community-district literacy plan; 2013- , District-community literacy plan. aAvailable on the Internet. aCo-publisher varies: 2009-2012, Selkirk College and 2008- , Columbia Basin Alliance for Literacy aCatalogue record originally made available by the British Columbia Legislative Library. 0aLiteracyzBritish ColumbiazKootenay BoundaryvPeriodicals 0aLiteracy programszBritish ColumbiazKootenay BoundaryvPeriodicals10aBritish Columbia.bMinistry of Education2 aSchool District #51 (Boundary, B.C.)20aColumbia Basin Alliance for Literacy2 aSelkirk College40uhttp://www.llbc.leg.bc.ca/public/pubdocs/bcdocs2014_2/543355/index.htm a20140701388nas 22003257a 4500001000700000003000700007005001700014006001900031007001500050008004100065040002400106043001200130240009400142245014000236246009500376260005400471300002100525310001100546362001800557500002100575500003400596530003100630590009200661650006100753650007000814710004500884710004700929856007500976903001101051543356CaBVIP20140801120800.0m |o d cr || |||| 140708c20089999bccar p s s0001a0eng  aCaBVIPbengcCaBVIP an-cn-bc10aDistrict literacy plan (School District #54 (Bulkley Valley, B.C.) : Electronic resource)00aDistrict literacy planh[electronic resource] :ba collaborative community based plan /cSchool District #54 (Bulkley Valley, B.C.). --33aCommunity literacy plan (School District #54 (Bulkley Valley, B.C.) : Electronic resource) a[Victoria, B.C. :bMinistry of Education],c2008- aOnline resource. aAnnual0 a2008/09- . -- aPdf cover title. aReport 2012/13 missing cover. aAvailable on the Internet. aCatalogue record originally made available by the British Columbia Legislative Library. 0aLiteracyzBritish ColumbiazBulkley-NechakovPeriodicals 0aLiteracy programszBritish ColumbiazBulkley-NechakovPeriodicals10aBritish Columbia.bMinistry of Education2 aSchool District #54 (Bulkley Valley, B.C.)40uhttp://www.llbc.leg.bc.ca/public/pubdocs/bcdocs2014_2/543356/index.htm a20140701419nas 22003377a 4500001000700000003000700007005001700014006001900031007001500050008004100065040002400106043001200130240008700142245009300229246005600322246008800378260005400466300002100520310001100541362001500552500002100567500008400588530003100672590009200703650005300795650006200848710004500910710004000955856007500995903001101070543357CaBVIP20140801115900.0m |o d cr || |||| 140708c20089999bccar p s s0001a0eng  aCaBVIPbengcCaBVIP an-cn-bc10aDistrict literacy plan (School District #41 (Burnaby, B.C.) : Electronic resource)00aDistrict literacy planh[electronic resource] /cSchool District #41 (Burnaby, B.C.). --33aBurnaby literacy planh[electronic resource]f2011-33aCommunity literacy plan (School District #41 (Burnaby, B.C.) : Electronic resource) a[Victoria, B.C. :bMinistry of Education],c2008- aOnline resource. aAnnual0 a2008- . -- aPdf cover title. aTitle varies: 2008-2009, District literacy plan; 2011- , Burnaby literacy plan. aAvailable on the Internet. aCatalogue record originally made available by the British Columbia Legislative Library. 0aLiteracyzBritish ColumbiazBurnabyvPeriodicals 0aLiteracy programszBritish ColumbiazBurnabyvPeriodicals10aBritish Columbia.bMinistry of Education1 aSchool District #41 (Burnaby, B.C.)40uhttp://www.llbc.leg.bc.ca/public/pubdocs/bcdocs2014_2/543357/index.htm a20140701423nas 22003377a 4500001000700000003000700007005001700014006001900031007001500050008004100065040002400106043001200130240009700142245010300239246009800342260005400440300002100494310001100515362001500526500002100541530003100562550005800593590009200651650006000743650006900803710004500872710005000917710003200967856007500999903001101074543358CaBVIP20140801120000.0m |o d cr || |||| 140708c20089999bccar p s s0001a0eng  aCaBVIPbengcCaBVIP an-cn-bc10aDistrict literacy plan (School District No. 72 (Campbell River, B.C.) : Electronic resource)00aDistrict literacy planh[electronic resource] /cSchool District No. 72 (Campbell River, B.C.). --33aCommunity literacy plan (School District No. 72 (Campbell River, B.C.) : Electronic resource) a[Victoria, B.C. :bMinistry of Education],c2008- aOnline resource. aAnnual0 a2008- . -- aPdf cover title. aAvailable on the Internet. aCo-published by: 2009- , Campbell River Literacy Now. aCatalogue record originally made available by the British Columbia Legislative Library. 0aLiteracyzBritish ColumbiazCampbell RivervPeriodicals 0aLiteracy programszBritish ColumbiazCampbell RivervPeriodicals10aBritish Columbia.bMinistry of Education2 aSchool District No. 72 (Campbell River, B.C.)1 aCampbell River Literacy Now40uhttp://www.llbc.leg.bc.ca/public/pubdocs/bcdocs2014_2/543358/index.htm a20140701760nas 22003737a 4500001000700000003000700007005001700014006001900031007001500050008004100065040002400106043001200130240009400142245010000236246005600336246006700392246009500459260005400554300002100608310001100629362001500640500002100655500012500676530003100801590009200832650006600924650006700990650007501057650007601132710004501208710004701253856007501300903001101375543359CaBVIP20140801120000.0m |o d cr || |||| 140708c20089999bccar p s s0001a0eng  aCaBVIPbengcCaBVIP an-cn-bc10aDistrict literacy plan (Cariboo-Chilcotin School District (No. 27) : Electronic resource)00aDistrict literacy planh[electronic resource] /cCariboo-Chilcotin School District (No. 27). --3 aRegional literacy planh[electronic resource]f20103 aRegional community literacy planh[electronic resource]f2011-33aCommunity literacy plan (Cariboo-Chilcotin School District (No. 27) : Electronic resource) a[Victoria, B.C. :bMinistry of Education],c2008- aOnline resource. aAnnual0 a2008- . -- aPdf cover title. aTitle varies: 2008-2009, District literacy plan; 2010, Regional literacy plan; 2011- , Regional community literacy plan. aAvailable on the Internet. aCatalogue record originally made available by the British Columbia Legislative Library. 0aLiteracyzBritish ColumbiazWilliams Lake RegionvPeriodicals 0aLiteracyzBritish Columbiaz100 Mile House RegionvPeriodicals 0aLiteracy programszBritish ColumbiazWilliams Lake RegionvPeriodicals 0aLiteracy programszBritish Columbiaz100 Mile House RegionvPeriodicals10aBritish Columbia.bMinistry of Education20aCariboo-Chilcotin School District (No. 27)40uhttp://www.llbc.leg.bc.ca/public/pubdocs/bcdocs2014_2/543359/index.htm a20140701582nas 22003497a 4500001000700000003000700007005001700014006001900031007001500050008004100065040002400106043001200130240009300142245010000235246006100335246006700396246009400463260005400557300002100611310001100632362001500643500002100658500012600679530003100805590009200836650005900928650006800987710004501055710004601100856007501146903001101221543360CaBVIP20140801115400.0m |o d cr || |||| 140708c20089999bccar p s s0001a0eng  aCaBVIPbengcCaBVIP an-cn-bc10aDistrict literacy plan (School District #49 (Central Coast, B.C.) : Electronic resource)00aCommunity literacy planh[electronic resource] /cSchool District #49 (Central Coast, B.C.). --3 aDistrict literacy planh[electronic resource]f2009-20103 aDistrict/community literacy planh[electronic resource]f2011-33aCommunity literacy plan (School District #49 (Central Coast, B.C.) : Electronic resource) a[Victoria, B.C. :bMinistry of Education],c2008- aOnline resource. aAnnual0 a2008- . -- aPdf cover title. aTitle varies:2008, Community literacy plan; 2009- 2010, District literacy plan; 2011- , District/community literacy plan. aAvailable on the Internet. aCatalogue record originally made available by the British Columbia Legislative Library. 0aLiteracyzBritish ColumbiazCentral CoastvPeriodicals 0aLiteracy programszBritish ColumbiazCentral CoastvPeriodicals10aBritish Columbia.bMinistry of Education20aSchool District #49 (Central Coast, B.C.)40uhttp://www.llbc.leg.bc.ca/public/pubdocs/bcdocs2014_2/543360/index.htm a20140701770nas 22003737a 4500001000700000003000700007005001700014006001900031007001500050008004100065040002400106043001200130240009900142245015000241246010000391260005400491300002100545310001100566362001500577500004200592530003100634550018300665590009200848650006200940650007101002710004501073710005201118710003001170710003701200710003001237710004301267856007501310903001101385543361CaBVIP20140801083700.0m |o d cr || |||| 140708c20089999bccar p s s0001a0eng  aCaBVIPbengcCaBVIP an-cn-bc10aDistrict literacy plan (School District No. 23 (Central Okanagan, B.C.) : Electronic resource)00aCentral Okanagan community and School District No. 23 literacy planh[electronic resource] /cSchool District No. 23 (Central Okanagan, B.C.). --33aCommunity literacy plan (School District No. 23 (Central Okanagan, B.C.) : Electronic resource) a[Victoria, B.C.] :bMinistry of Education,c2008- aOnline resource. aAnnual0 a2008- . -- aPdf cover title based on 2009 report. aAvailable on the Internet. aCo-publishers varies: 2009-2011, 2010 Legacies Now; 2012, The Bridge Youth and Family Services; 2012- , Decoda Literacy Solutions; 2013- , Central Okanagan Partners for Literacy. aCatalogue record originally made available by the British Columbia Legislative Library. 0aLiteracyzBritish ColumbiazCentral OkanaganvPeriodicals 0aLiteracy programszBritish ColumbiazCentral OkanaganvPeriodicals10aBritish Columbia.bMinistry of Education2 aSchool District No. 23 (Central Okanagan, B.C.)2 a2010 Legacies Now Society1 aBridge Youth and Family Services2 aDecoda Literacy Solutions1 aCentral Okanagan Partners for Literacy40uhttp://www.llbc.leg.bc.ca/public/pubdocs/bcdocs2014_2/543361/index.htm a20140701983nas 2200385 a 4500001000700000003000700007005001700014006001900031007001500050008004100065040002400106043001200130240008700142245011600229246008300345246005200428246008700480246008800567260005500655300002100710310001100731362001700742500002100759500026900780530003101049550007701080590009201157650006301249650007201312710004501384710004001429710004201469856007501511903001101586543375CaBVIP20140801115000.0m |o d cr || |||||140709c20089999bccar p s s0001a0eng  aCaBVIPbengcCaBVIP an-cn-bc10aDistrict literacy plan (Chilliwack School District (No. 33) : Electronic resource)00aChilliwack district / community literacy planh[electronic resource] /cChilliwack School District (No. 33). --33aDistrict / community literacy plan for Chilliwackh[electronic resource]f200933aAnnual reporth[electronic resource]f2011-201233aAnnual report and Chilliwack community literacy planh[electronic resource]f2013-33aCommunity literacy plan (Chilliwack School District (No. 33) : Electronic resource) a[Victoria, B.C. :bMinistry of Education,c2008- ] aOnline resource. aAnnual0 a[2008]- . -- aPdf cover title. aTitle varies: 2008, Chilliwack district / community literacy plan; 2009, District / community literacy plan for Chilliwack; 2010, Chilliwack district / community literacy plan; 2011-2012, Annual report; 2013- , Annual report and Chilliwack community literacy plan. aAvailable on the Internet. aCo-publisher: 2008- 2009, 2011- , Chilliwack Learning Community Society. aCatalogue record originally made available by the British Columbia Legislative Library. 0aLiteracyzBritish ColumbiazChilliwack RegionvPeriodicals 0aLiteracy programszBritish ColumbiazChilliwack RegionvPeriodicals10aBritish Columbia.bMinistry of Education2 aChilliwack School District (No. 33)1 aChilliwack Learning Community Society40uhttp://www.llbc.leg.bc.ca/public/pubdocs/bcdocs2014_2/543375/index.htm a20140701464nas 2200337 a 4500001000700000003000700007005001700014006001900031007001500050008004100065040002400106043001200130240009200142245009800234246005900332246009300391260005500484300002100539310001100560362001700571500002100588500008700609530003100696590009200727650006100819650007000880710004500950710004500995856007501040903001101115543389CaBVIP20140801120000.0m |o d cr || |||||140709c20089999bccar p s s0001a0eng  aCaBVIPbengcCaBVIP an-cn-bc10aDistrict literacy plan (Coast Mountains School District (No. 82) : Electronic resource)00aDistrict literacy planh[electronic resource] /cCoast Mountains School District (No. 82). --33aDistrict literacy reporth[electronic resource]f2012-33aCommunity literacy plan (Coast Mountains School District (No. 82) : Electronic resource) a[Victoria, B.C. :bMinistry of Education,c2008- ] aOnline resource. aAnnual0 a[2008]- . -- aPdf cover title. aTitle varies: 2008-2011, District literacy plan; 2012- , District literacy report. aAvailable on the Internet. aCatalogue record originally made available by the British Columbia Legislative Library. 0aLiteracyzBritish ColumbiazKitimat-StikinevPeriodicals 0aLiteracy programszBritish ColumbiazKitimat-StikinevPeriodicals10aBritish Columbia.bMinistry of Education20aCoast Mountains School District (No. 82)40uhttp://www.llbc.leg.bc.ca/public/pubdocs/bcdocs2014_2/543389/index.htm a20140702031nas 2200397 a 4500001000700000003000700007005001700014006001900031007001500050008004100065040002400106043001200130240009200142245010800234246006900342246007900411246008900490246009300579260005500672300002100727310001100748362001700759500002100776500021800797530003101015550011701046590009201163650005801255650006701313710004501380710004501425710003001470710004701500856007501547903001101622543393CaBVIP20140801115300.0m |o d cr || |||||140709c20089999bccar p s s0001a0eng  aCaBVIPbengcCaBVIP an-cn-bc10aDistrict literacy plan (School District #71 (Comox Valley, B.C.) : Electronic resource)00aCommunity/district literacy planh[electronic resource] /cSchool District #71 (Comox Valley, B.C.). --33aComox Valley District Literacy Planh[electronic resource]f200933aSD71 Comox Valley district literacy planh[electronic resource]f2010-201133aSchool District 71 Comox Valley district literacy planh[electronic resource]f2012-33aCommunity literacy plan (School District #71 (Comox Valley, B.C.) : Electronic resource) a[Victoria, B.C. :bMinistry of Education,c2008- ] aOnline resource. aAnnual0 a[2008]- . -- aPdf cover title. aTitle varies: 2008, Community/district literacy plan; 2009, Comox Valley District Literacy Plan; 2010-2011, SD71 Comox Valley District literacy plan; 2012- , School District 71 Comox Valley district literacy plan. aAvailable on the Internet. aCo-publisher varies: 2009-2010, Comox Valley Literacy Now; [2011]- , Comox Valley Lifelong Learning Association. aCatalogue record originally made available by the British Columbia Legislative Library. 0aLiteracyzBritish ColumbiazComox ValleyvPeriodicals 0aLiteracy programszBritish ColumbiazComox ValleyvPeriodicals10aBritish Columbia.bMinistry of Education2 aSchool District #71 (Comox Valley, B.C.)1 aComox Valley Literacy Now1 aComox Valley Lifelong Learning Association40uhttp://www.llbc.leg.bc.ca/public/pubdocs/bcdocs2014_2/543393/index.htm a20140701406nas 2200325 a 4500001000700000003000700007005001700014006001900031007001500050008004100065040002400106043001200130240010700142245010400249246010800353260005500461300002100516310001100537362001700548500002100565530003100586590009200617650004400709650005300753650008300806710004500889710006000934856007500994903001101069543394CaBVIP20140801121200.0m |o d cr || |||||140709c20089999bccar p s s0001a0eng  aCaBVIPbengcCaBVIP an-cn-bc10aDistrict literacy plan (Conseil scolaire francophone de la Colombie-Britannique : Electronic resource)00aLiteracy planh[electronic resource] /cConseil scolaire francophone de la Colombie-Britannique. --33aCommunity literacy plan (Conseil scolaire francophone de la Colombie-Britannique : Electronic resource) a[Victoria, B.C. :bMinistry of Education,c2008- ] aOnline resource. aAnnual0 a[2008]- . -- aPdf cover title. aAvailable on the Internet. aCatalogue record originally made available by the British Columbia Legislative Library. 0aLiteracyzBritish ColumbiavPeriodicals 0aLiteracy programszBritish ColumbiavPeriodicals 0aFrench languagexStudy and teaching (Secondary)zBritish ColumbiavPeriodicals10aBritish Columbia.bMinistry of Education20aConseil scolaire francophone de la Colombie-Britannique40uhttp://www.llbc.leg.bc.ca/public/pubdocs/bcdocs2014_2/543394/index.htm a20140701791nas 2200361 a 4500001000700000003000700007005001700014006001900031007001500050008004100065040002400106043001200130240008900142245013600231246012600367246009000493260005500583300002100638310001100659362001700670500002100687500019400708530003100902550006400933590009200997650006201089650007101151710004501222710004201267710003401309856007501343903001101418543395CaBVIP20140801120900.0m |o d cr || |||||140709c20089999bccar p s s0001a0eng  aCaBVIPbengcCaBVIP an-cn-bc10aDistrict literacy plan (School District #43 (Coquitlam, B.C.) : Electronic resource)00aIntegrated community literacy plan for the Tri-Cities communityh[electronic resource] /cSchool District #43 (Coquitlam, B.C.). --33aTri-cities community integrated community literacy planh[electronic resource] :baction plan and progress to datef2009-33aCommunity literacy plan (School District #43 (Coquitlam, B.C.) : Electronic resource) a[Victoria, B.C. :bMinistry of Education,c2008- ] aOnline resource. aAnnual0 a[2008]- . -- aPdf cover title. aTitle varies: 2008-2009, Integrated community literacy plan for the Tri-Cities community; 2010- , Tri-cities community integrated community literacy plan : action plan and progress to date. aAvailable on the Internet. aCo-published by: 2010- , the Tri-Cities Literacy Committee. aCatalogue record originally made available by the British Columbia Legislative Library. 0aLiteracyzBritish ColumbiazCoquitlam RegionvPeriodicals 0aLiteracy programszBritish ColumbiazCoquitlam RegionvPeriodicals10aBritish Columbia.bMinistry of Education2 aSchool District #43 (Coquitlam, B.C.)1 aTri-Cities Literacy Committee40uhttp://www.llbc.leg.bc.ca/public/pubdocs/bcdocs2014_2/543395/index.htm a20140701557nas 2200361 a 4500001000700000003000700007005001700014006001900031007001500050008004100065040002400106043001200130240009200142245009800234246005700332246009300389260005500482300002100537310001100558362001700569500002100586500008000607530003100687550005200718590009200770650006100862650007000923710004500993710004501038710002601083856007501109903001101184543397CaBVIP20140801120100.0m |o d cr || |||||140709c20089999bccar p s s0001a0eng  aCaBVIPbengcCaBVIP an-cn-bc10aDistrict literacy plan (Cowichan Valley School District (No. 79) : Electronic resource)00aDistrict literacy planh[electronic resource] /cCowichan Valley School District (No. 79). --33aCowichan literacy planh[electronic resource]f2009-33aCommunity literacy plan (Cowichan Valley School District (No. 79) : Electronic resource) a[Victoria, B.C. :bMinistry of Education,c2008- ] aOnline resource. aAnnual0 a[2008]- . -- aPdf cover title. aTitle varies: 2008, District literacy plan; 2009- , Cowichan literacy plan. aAvailable on the Internet. aCo-published by: 2009- , Literacy Now Cowichan. aCatalogue record originally made available by the British Columbia Legislative Library. 0aLiteracyzBritish ColumbiazCowichan ValleyvPeriodicals 0aLiteracy programszBritish ColumbiazCowichan ValleyvPeriodicals10aBritish Columbia.bMinistry of Education2 aCowichan Valley School District (No. 79)1 aLiteracy Now Cowichan40uhttp://www.llbc.leg.bc.ca/public/pubdocs/bcdocs2014_2/543397/index.htm a20140701957nas 2200409 a 4500001000700000003000700007005001700014006001900031007001500050008004100065040002400106043001200130240008200142245008800224246005300312246006900365246005500434246008300489260005500572300002100627310001100648362001700659500002100676500014800697530003100845550015300876590009201029650005801121650006701179710004501246710003501291710003901326710003501365710006101400856007501461903001101536543398CaBVIP20140801120100.0m |o d cr || |||||140709c20089999bccar p s s0001a0eng  aCaBVIPbengcCaBVIP an-cn-bc10aDistrict literacy plan (Delta School District (No. 37) : Electronic resource)00aDistrict literacy planh[electronic resource] /cDelta School District (No. 37). --33aDelta literacy planh[electronic resource]f200933aDelta district literacy plan reporth[electronic resource]f201033aLiteracy plan reporth[electronic resource]f2010-33aCommunity literacy plan (Delta School District (No. 37) : Electronic resource) a[Victoria, B.C. :bMinistry of Education,c2008- ] aOnline resource. aAnnual0 a[2008]- . -- aPdf cover title. aTitle varies: 2008, District literacy plan; 2009, Delta literacy plan; 2010, Delta district literacy plan report; 2011- , Literacy plan report. aAvailable on the Internet. aCo-published by Delta Community Literacy Committee, Fraser Valley Regional Library and the Boys and Girls Club Community Services of Delta/Richmond. aCatalogue record originally made available by the British Columbia Legislative Library. 0aLiteracyzBritish ColumbiazDelta RegionvPeriodicals 0aLiteracy programszBritish ColumbiazDelta RegionvPeriodicals10aBritish Columbia.bMinistry of Education2 aDelta School District (No. 37)1 aDelta Community Literacy Committee20aFraser Valley Regional Library1 aBoys and Girls Club Community Services of Delta/Richmond40uhttp://www.llbc.leg.bc.ca/public/pubdocs/bcdocs2014_2/543398/index.htm a20140701298nas 2200313 a 4500001000700000003000700007005001700014006001900031007001500050008004100065040002400106043001200130240009100142245009700233246009200330260005500422300002100477310001100498362001700509500002300526530003100549590009200580650006400672650007300736710004500809710004400854856007500898903001100973543401CaBVIP20140801120200.0m |o d cr || |||||140709c20089999bccar p s s0001a0eng  aCaBVIPbengcCaBVIP an-cn-bc10aDistrict literacy plan (School District #81 (Fort Nelson, B.C.) : Electronic resource)00aDistrict literacy planh[electronic resource] /cSchool District #81 (Fort Nelson, B.C.). --33aCommunity literacy plan (School District #81 (Fort Nelson, B.C.) : Electronic resource) a[Victoria, B.C. :bMinistry of Education,c2008- ] aOnline resource. aAnnual0 a[2008]- . -- aPdf caption title. aAvailable on the Internet. aCatalogue record originally made available by the British Columbia Legislative Library. 0aLiteracyzBritish ColumbiazFort Nelson RegionvPeriodicals 0aLiteracy programszBritish ColumbiazFort Nelson RegionvPeriodicals10aBritish Columbia.bMinistry of Education2 aSchool District #81 (Fort Nelson, B.C.)40uhttp://www.llbc.leg.bc.ca/public/pubdocs/bcdocs2014_2/543401/index.htm a20140701631nas 2200361 a 4500001000700000003000700007005001700014006001900031007001500050008004100065040002400106043001200130240009400142245010000236246006300336246009500399260005500494300002100549310001100570362001700581500002100598500008600619530003100705550007000736590009200806650007000898650007900968710004501047710004701092710004401139856007501183903001101258543402CaBVIP20140801120200.0m |o d cr || |||||140709c20089999bccar p s s0001a0eng  aCaBVIPbengcCaBVIP an-cn-bc10aDistrict literacy plan (School District #78 (Fraser-Cascade, B.C.) : Electronic resource)00aDistrict literacy planh[electronic resource] /cSchool District #78 (Fraser-Cascade, B.C.). --33aFraser-Cascade literacy planh[electronic resource]f2009-33aCommunity literacy plan (School District #78 (Fraser-Cascade, B.C.) : Electronic resource) a[Victoria, B.C. :bMinistry of Education,c2008- ] aOnline resource. aAnnual0 a[2008]- . -- aPdf cover title. aTitle varies: 2008, District literacy plan; 2009- , Fraser-Cascade literacy plan. aAvailable on the Internet. aCo-published by: 2011- , Fraser-Cascade Literacy Task Initiative. aCatalogue record originally made available by the British Columbia Legislative Library. 0aLiteracyzBritish ColumbiazCascade Mountains RegionvPeriodicals 0aLiteracy programszBritish ColumbiazCascade Mountains RegionvPeriodicals10aBritish Columbia.bMinistry of Education2 aSchool District #78 (Fraser-Cascade, B.C.)1 aFraser-Cascade Literacy Task Initiative40uhttp://www.llbc.leg.bc.ca/public/pubdocs/bcdocs2014_2/543402/index.htm a20140701470nas 2200337 a 4500001000700000003000700007005001700014006001900031007001500050008004100065040002400106043001200130240009000142245009600232246006400328246009100392260005500483300002100538310001100559362001700570500002100587500009200608530003100700590009200731650006300823650007200886710004500958710004301003856007501046903001101121543425CaBVIP20140801120200.0m |o d cr || |||||140714c20089999bccar p s s0001a0eng  aCaBVIPbengcCaBVIP an-cn-bc10aDistrict literacy plan (School District #74 (Gold Trail, B.C.) : Electronic resource)00aDistrict literacy planh[electronic resource] /cSchool District #74 (Gold Trail, B.C.). --3 aDistrict literacy plan updateh[electronic resource]f2011-33aCommunity literacy plan (School District #74 (Gold Trail, B.C.) : Electronic resource) a[Victoria, B.C. :bMinistry of Education,c2008- ] aOnline resource. aAnnual0 a[2008]- . -- aPdf cover title. aTitle varies: 2008-2010, District literacy plan; 2011- , District literacy plan update. aAvailable on the Internet. aCatalogue record originally made available by the British Columbia Legislative Library. 0aLiteracyzBritish ColumbiazGold River RegionvPeriodicals 0aLiteracy programszBritish ColumbiazGold River RegionvPeriodicals10aBritish Columbia.bMinistry of Education2 aSchool District #74 (Gold Trail, B.C.)40uhttp://www.llbc.leg.bc.ca/public/pubdocs/bcdocs2014_2/543425/index.htm a20140701879nas 2200385 a 4500001000700000003000700007005001700014006001900031007001500050008004100065040002400106043001200130240009300142245010900235246009100344246008300435246009400518260005500612300002100667310001100688362001700699500002100716500018400737530003100921550009200952590009201044650005401136650006301190710004501253710004601298710003301344710003001377856007501407903001101482543428CaBVIP20140801115500.0m |o d cr || |||||140714c20089999bccar p s s0001a0eng  aCaBVIPbengcCaBVIP an-cn-bc10aDistrict literacy plan (Greater Victoria School District (No. 61) : Electronic resource)00aDistrict/community literacy planh[electronic resource] /cGreater Victoria School District (No. 61). --3 aDistrict/community literacy planh[electronic resource] :bimplementation reportf20123 aCommunity literacy planh[electronic resource] :bimplementation reportf2013-33aCommunity literacy plan (Greater Victoria School District (No. 61) : Electronic resource) a[Victoria, B.C. :bMinistry of Education,c2008- ] aOnline resource. aAnnual0 a[2008]- . -- aPdf cover title. aTitle varies: 2008-2011, District/community literacy plan; 2012, District/community literacy plan : implementation report; 2013- , Community literacy plan : implementation report. aAvailable on the Internet. aCo-publishers: 2012- , Victoria Literacy Task Group; 2012- , Decoda Literacy Solutions. aCatalogue record originally made available by the British Columbia Legislative Library. 0aLiteracyzBritish ColumbiazVictoriavPeriodicals 0aLiteracy programszBritish ColumbiazVictoriavPeriodicals10aBritish Columbia.bMinistry of Education20aGreater Victoria School District (No. 61)1 aVictoria Literacy Task Group2 aDecoda Literacy Solutions40uhttp://www.llbc.leg.bc.ca/public/pubdocs/bcdocs2014_2/543428/index.htm a20140701594nas 2200361 a 4500001000700000003000700007005001700014006001900031007001500050008004100065040002400106043001200130240009200142245010000234246009300334260005500427300002100482310001100503362001700514500002100531500008700552530003100639550009800670590009200768650005800860650006700918710004500985710004501030710003301075710003801108856007501146903001101221543431CaBVIP20140801120800.0m |o d cr || |||||140714c20089999bccar p s s0001a0eng  aCaBVIPbengcCaBVIP an-cn-bc10aDistrict literacy plan (School District #64 (Gulf Islands, B.C.) : Electronic resource)00aDistrict literacy reporth[electronic resource] /cSchool District #64 (Gulf Islands, B.C.). --33aCommunity literacy plan (School District #64 (Gulf Islands, B.C.) : Electronic resource) a[Victoria, B.C. :bMinistry of Education,c2008- ] aOnline resource. aAnnual0 a[2008]- . -- aPdf cover title. aTitle varies: 2008-2012, District literacy report; 2013- , District Literacy Plan. aAvailable on the Internet. aCo-publishers: 2012- , Salt Spring Literacy Society; 2013- Salt Spring Island Public Library. aCatalogue record originally made available by the British Columbia Legislative Library. 0aLiteracyzBritish ColumbiazGulf IslandsvPeriodicals 0aLiteracy programszBritish ColumbiazGulf IslandsvPeriodicals10aBritish Columbia.bMinistry of Education20aSchool District #64 (Gulf Islands, B.C.)1 aSalt Spring Literacy Society1 aSalt Spring Island Public Library40uhttp://www.llbc.leg.bc.ca/public/pubdocs/bcdocs2014_2/543431/index.htm a20140701502nas 2200349 a 4500001000700000003000700007005001700014006001900031007001500050008004100065040002400106043001200130240008800142245018200230246008900412260005500501300002100556310001100577362001700588500002100605500002700626530003100653550004800684590009200732650005700824650006600881710004500947710004100992710003301033856007501066903001101141543438CaBVIP20140801121100.0m |o d cr || |||||140714c20089999bccar p s s0001a0eng  aCaBVIPbengcCaBVIP an-cn-bc10aDistrict literacy plan (School District No. 50 (Haida Gwaii) : Electronic resource)00aLiteracy Haida Gwaii community literacy plan ... and Haida Gwaii/Queen Charlotte School District literacy planh[electronic resource] /cSchool District No. 50 (Haida Gwaii). --33aCommunity literacy plan (School District No. 50 (Haida Gwaii) : Electronic resource) a[Victoria, B.C. :bMinistry of Education,c2008- ] aOnline resource. aAnnual0 a[2008]- . -- aPdf cover title. aTitle varies slightly. aAvailable on the Internet. aCo-publisher: Literacy Haida Gwaii Society. aCatalogue record originally made available by the British Columbia Legislative Library. 0aLiteracyzBritish ColumbiazHaida GwaiivPeriodicals 0aLiteracy programszBritish ColumbiazHaida GwaiivPeriodicals10aBritish Columbia.bMinistry of Education1 aSchool District No. 50 (Haida Gwaii)1 aLiteracy Haida Gwaii Society40uhttp://www.llbc.leg.bc.ca/public/pubdocs/bcdocs2014_2/543438/index.htm a20140701355nas 2200313 a 4500001000700000003000700007005001700014006001900031007001500050008004100065040002400106043001200130240009700142245014000239246009800379260005500477300002100532310001100553362001700564500002100581530003100602590009200633650006300725650007200788710004500860710005000905856007500955903001101030543439CaBVIP20140801121000.0m |o d cr || |||||140714c20089999bccar p s s0001a0eng  aCaBVIPbengcCaBVIP an-cn-bc10aDistrict literacy plan (School District #73 (Kamloops/Thompson, B.C.) : Electronic resource)00aKamloops/Thompson school district / community literacy planh[electronic resource] /cSchool District #73 (Kamloops/Thompson, B.C.). --33aCommunity literacy plan (School District #73 (Kamloops/Thompson, B.C.) : Electronic resource) a[Victoria, B.C. :bMinistry of Education,c2008- ] aOnline resource. aAnnual0 a[2008]- . -- aPdf cover title. aAvailable on the Internet. aCatalogue record originally made available by the British Columbia Legislative Library. 0aLiteracyzBritish ColumbiazThompson-OkanaganvPeriodicals 0aLiteracy programszBritish ColumbiazThompson-OkanaganvPeriodicals10aBritish Columbia.bMinistry of Education2 aSchool District #73 (Kamloops/Thompson, B.C.)40uhttp://www.llbc.leg.bc.ca/public/pubdocs/bcdocs2014_2/543439/index.htm a20140701502nas 2200337 a 4500001000700000003000700007005001700014006001900031007001500050008004100065040002400106043001200130240009400142245011000236246006700346246009500413260005500508300002100563310001100584362001700595500002100612500010500633530003100738590009200769650005800861650006700919710004500986710004701031856007501078903001101153543440CaBVIP20140801115400.0m |o d cr || |||||140714c20089999bccar p s s0001a0eng  aCaBVIPbengcCaBVIP an-cn-bc10aDistrict literacy plan (Kootenay-Columbia School District (No. 20) : Electronic resource)00aCommunity-district literacy planh[electronic resource] /cKootenay-Columbia School District (No. 20). --3 aDistrict-community literacy planh[electronic resource]f2013-33aCommunity literacy plan (Kootenay-Columbia School District (No. 20) : Electronic resource) a[Victoria, B.C. :bMinistry of Education,c2008- ] aOnline resource. aAnnual0 a[2008]- . -- aPdf cover title. aTitle varies: 2008-2011, Community-district literacy plan; 2013- , District-community literacy plan. aAvailable on the Internet. aCatalogue record originally made available by the British Columbia Legislative Library. 0aLiteracyzBritish ColumbiazTrail RegionvPeriodicals 0aLiteracy programszBritish ColumbiazTrail RegionvPeriodicals10aBritish Columbia.bMinistry of Education2 aKootenay-Columbia School District (No. 20)40uhttp://www.llbc.leg.bc.ca/public/pubdocs/bcdocs2014_2/543440/index.htm a20140701302nas 2200313 a 4500001000700000003000700007005001700014006001900031007001500050008004100065040002400106043001200130240008900142245010500231246009000336260005500426300002100481310001100502362001700513500002100530530003100551590009200582650006600674650007500740710004500815710004200860856007500902903001100977543441CaBVIP20140801115500.0m |o d cr || |||||140714c20089999bccar p s s0001a0eng  aCaBVIPbengcCaBVIP an-cn-bc10aDistrict literacy plan (Kootenay Lake School District (No. 8) : Electronic resource)00aDistrict community literacy planh[electronic resource] /cKootenay Lake School District (No. 8). --33aCommunity literacy plan (Kootenay Lake School District (No. 8) : Electronic resource) a[Victoria, B.C. :bMinistry of Education,c2008- ] aOnline resource. aAnnual0 a[2008]- . -- aPdf cover title. aAvailable on the Internet. aCatalogue record originally made available by the British Columbia Legislative Library. 0aLiteracyzBritish ColumbiazKootenay Lake RegionvPeriodicals 0aLiteracy programszBritish ColumbiazKootenay Lake RegionvPeriodicals10aBritish Columbia.bMinistry of Education2 aKootenay Lake School District (No. 8)40uhttp://www.llbc.leg.bc.ca/public/pubdocs/bcdocs2014_2/543441/index.htm a20140702063nas 2200409 a 4500001000700000003000700007005001700014006001900031007001500050008004100065040002400106043001200130240008400142245011900226246010100345246006600446246006500512246008500577260005500662300002100717310001100738362001700749500002100766500022900787530003101016550012701047590009201174650006001266650006901326710004501395710003701440710003601477710002501513710002901538856007501567903001101642543442CaBVIP20140801121100.0m |o d cr || |||||140714c20089999bccar p s s0001a0eng  aCaBVIPbengcCaBVIP an-cn-bc10aDistrict literacy plan (Langley School District (No. 35) : Electronic resource)00aLiteracy for the 21st centuryh[electronic resource] :ba plan for Langley /cLangley School District (No. 35). --33aCommunity literacy planh[electronic resource] :breport to the Ministry of Edcuationf2009-201033aCommunity/district literacy planh[electronic resource]f201133aLangley district literacy planh[electronic resource]f2012-33aCommunity literacy plan (Langley School District (No. 35) : Electronic resource) a[Victoria, B.C. :bMinistry of Education,c2008- ] aOnline resource. aAnnual0 a[2008]- . -- aPdf cover title. aTitle varies: 2008, Literacy for the 21st century : a plan for Langley; 2009-2010, Community literacy plan : report to the Ministry of Edcuation; 2011 Community/district literacy plan; 2012- , Langley district literacy plan. aAvailable on the Internet. aCo-publishers varies: 2008, Langley Literacy Now Task Force; 2011, Langley Literacy Now; 2012- , Langley Literacy Network. aCatalogue record originally made available by the British Columbia Legislative Library. 0aLiteracyzBritish ColumbiazLangley RegionvPeriodicals 0aLiteracy programszBritish ColumbiazLangley RegionvPeriodicals10aBritish Columbia.bMinistry of Education2 aLangley School District (No. 35)1 aLangley Literacy Now Task Force1 aLangley Literacy Now1 aLangley Literacy Network40uhttp://www.llbc.leg.bc.ca/public/pubdocs/bcdocs2014_2/543442/index.htm a20140701735nas 2200361 a 4500001000700000003000700007005001700014006001900031007001500050008004100065040002400106043001200130240010100142245011700243246007100360246010200431260005500533300002100588310001100609362001700620500002100637500010900658530003100767550009200798590009200890650006400982650007301046710004501119710005401164710006901218856007501287903001101362543443CaBVIP20140801115600.0m |o d cr || |||||140714c20089999bccar p s s0001a0eng  aCaBVIPbengcCaBVIP an-cn-bc10aDistrict literacy plan (Maple Ridge-Pitt Meadows School District (No. 42) : Electronic resource)00aDistrict/community literacy planh[electronic resource] /cMaple Ridge-Pitt Meadows School District (No. 42). --33aCommunity and district literacy planh[electronic resource]f2011-33aCommunity literacy plan (Maple Ridge-Pitt Meadows School District (No. 42) : Electronic resource) a[Victoria, B.C. :bMinistry of Education,c2008- ] aOnline resource. aAnnual0 a[2008]- . -- aPdf cover title. aTitle varies: 2008-2010, District/community literacy plan; 2011- , Community and district literacy plan. aAvailable on the Internet. aCo-publisher: 2010- , Maple Ridge - Pitt Meadows - Katzie Community Literacy Committee. aCatalogue record originally made available by the British Columbia Legislative Library. 0aLiteracyzBritish ColumbiazMaple Ridge RegionvPeriodicals 0aLiteracy programszBritish ColumbiazMaple Ridge RegionvPeriodicals10aBritish Columbia.bMinistry of Education2 aMaple Ridge-Pitt Meadows School District (No. 42)1 aMaple Ridge - Pitt Meadows - Katzie Community Literacy Committee40uhttp://www.llbc.leg.bc.ca/public/pubdocs/bcdocs2014_2/543443/index.htm a20140701394nas 2200337 a 4500001000700000003000700007005001700014006001900031007001500050008004100065040002400106043001200130240009000142245009700232246009100329260005500420300002100475310001100496362001700507500002100524530003100545550005400576590009200630650006000722650006900782710004500851710004300896710003100939856007500970903001101045543444CaBVIP20140801115500.0m |o d cr || |||||140714c20089999bccar p s s0001a0eng  aCaBVIPbengcCaBVIP an-cn-bc10aDistrict literacy plan (School District No. 75 (Mission, B.C.) : Electronic resource)00aCommunity literacy planh[electronic resource] /cSchool District No. 75 (Mission, B.C.). --33aCommunity literacy plan (School District No. 75 (Mission, B.C.) : Electronic resource) a[Victoria, B.C. :bMinistry of Education,c2008- ] aOnline resource. aAnnual0 a[2008]- . -- aPdf cover title. aAvailable on the Internet. aCo-publisher: 2009- , Mission Literacy in Motion. aCatalogue record originally made available by the British Columbia Legislative Library. 0aLiteracyzBritish ColumbiazMission RegionvPeriodicals 0aLiteracy programszBritish ColumbiazMission RegionvPeriodicals10aBritish Columbia.bMinistry of Education20aSchool District No. 75 (Mission, B.C.)1 aMission Literacy in Motion40uhttp://www.llbc.leg.bc.ca/public/pubdocs/bcdocs2014_2/543444/index.htm a20140702146nas 2200421 a 4500001000700000003000700007005001700014006001900031007001500050008004100065040002400106043001200130240009700142245014800239246007800387246009800465260005500563300002100618310001100639362001700650500002100667500007000688530003100758550021100789590009201000650007301092650006201165650008201227650007101309710004501380710005001425710005101475710003901526710003101565710004201596856007501638903001101713543471CaBVIP20140801121300.0m |o d cr || |||||140714c20089999bccar p s s0001a0eng  aCaBVIPbengcCaBVIP an-cn-bc10aDistrict literacy plan (School District #68 (Nanaimo-Ladysmith, B.C.) : Electronic resource)00aNanaimo -- Ladysmith community literacy plan for School District 68h[electronic resource] /cSchool District #68 (Nanaimo-Ladysmith, B.C.). --33aNanaimo -- Ladysmith community literacy planh[electronic resource]f201233aCommunity literacy plan (School District #68 (Nanaimo-Ladysmith, B.C.) : Electronic resource) a[Victoria, B.C. :bMinistry of Education,c2008- ] aOnline resource. aAnnual0 a[2008]- . -- aPdf cover title. aTitle varies: 2012, Nanaimo -- Ladysmith community literacy plan. aAvailable on the Internet. aCo-publisher varies: 2008, Nanaimo-Ladysmith Community Literacy Taskforce; 2009-2011, Nanaimo-Ladysmith Literacy Council; 2012, Community Literacy Council; 2013- , The Nanaimo/Ladysmith Literacy Task Group. aCatalogue record originally made available by the British Columbia Legislative Library. 0aLiteracyzBritish ColumbiazNanaimo (Regional district)vPeriodicals 0aLiteracyzBritish ColumbiazLadysmith RegionvPeriodicals 0aLiteracy programszBritish ColumbiazNanaimo (Regional district)vPeriodicals 0aLiteracy programszBritish ColumbiazLadysmith RegionvPeriodicals10aBritish Columbia.bMinistry of Education2 aSchool District #68 (Nanaimo-Ladysmith, B.C.)1 aNanaimo-Ladysmith Community Literacy Taskforce1 aNanaimo-Ladysmith Literacy Council1 aCommunity Literacy Council1 aNanaimo/Ladysmith Literacy Task Group40uhttp://www.llbc.leg.bc.ca/public/pubdocs/bcdocs2014_2/543471/index.htm a20140701461nas 2200337 a 4500001000700000003000700007005001700014006001900031007001500050008004100065040002400106043001200130240009600142245009300238246005700331246009700388260005500485300002100540310001100561362001700572500002300589500007700612530003100689590009200720650006100812650007000873710004500943710004900988856007501037903001101112543472CaBVIP20140801121200.0m |o d cr || |||||140714c20089999bccar p s s0001a0eng  aCaBVIPbengcCaBVIP an-cn-bc10aDistrict literacy plan (School District No. 91 (Nechako Lakes, B.C.) : Electronic resource)00aLiteracy planh[electronic resource] /cSchool District No. 91 (Nechako Lakes, B.C.). --33aDistrict literacy planh[electronic resource]f2011-33aCommunity literacy plan (School District No. 91 (Nechako Lakes, B.C.) : Electronic resource) a[Victoria, B.C. :bMinistry of Education,c2008- ] aOnline resource. aAnnual0 a[2008]- . -- aPdf caption title. aTitle varies: 2008-2010, Literacy plan; 2011- , District literacy plan.. aAvailable on the Internet. aCatalogue record originally made available by the British Columbia Legislative Library. 0aLiteracyzBritish ColumbiazBulkley-NechakovPeriodicals 0aLiteracy programszBritish ColumbiazBulkley-NechakovPeriodicals10aBritish Columbia.bMinistry of Education2 aSchool District No. 91 (Nechako Lakes, B.C.)40uhttp://www.llbc.leg.bc.ca/public/pubdocs/bcdocs2014_2/543472/index.htm a20140701657nas 2200361 a 4500001000700000003000700007005001700014006001900031007001500050008004100065040002400106043001200130240009800142245012100240246009900361260005500460300002100515310001100536362001700547500002100564500009000585530003100675550011100706590009200817650006100909650007000970710004501040710005101085710003301136710004001169856007501209903001101284543473CaBVIP20140801121300.0m |o d cr || |||||140714c20089999bccar p s s0001a0eng  aCaBVIPbengcCaBVIP an-cn-bc10aDistrict literacy plan (School District No. 40 (New Westminster, B.C.) : Electronic resource)00aNew Westminster community literacy planh[electronic resource] /cSchool District No. 40 (New Westminster, B.C.). --33aCommunity literacy plan (School District No. 40 (New Westminster, B.C.) : Electronic resource) a[Victoria, B.C. :bMinistry of Education,c2008- ] aOnline resource. aAnnual0 a[2008]- . -- aPdf cover title. aSubtitle varies: 2010-2011, New Westminster community literacy plan : rolling update. aAvailable on the Internet. aCo-publisher varies: 2009-2011, New Westminster Literacy Now; 2012- , Literacy New Westminster Task Group. aCatalogue record originally made available by the British Columbia Legislative Library. 0aLiteracyzBritish ColumbiazNew WestminstervPeriodicals 0aLiteracy programszBritish ColumbiazNew WestminstervPeriodicals10aBritish Columbia.bMinistry of Education2 aSchool District No. 40 (New Westminster, B.C.)1 aNew Westminster Literacy Now1 aLiteracy New Westminster Task Group40uhttp://www.llbc.leg.bc.ca/public/pubdocs/bcdocs2014_2/543473/index.htm a20140703006nas 2200505 a 4500001000700000003000700007005001700014006001900031007001500050008004100065040002400106043001200130240009500142245010100237246009500338246012800433246014800561246007700709246005700786246004100843260005500884300002100939310001100960362001700971500002100988500044601009515005501455515005001510530003101560550013801591590009201729650006401821650006001885650006201945650007302007650006902080650007102149710004502220710004802265710003502313710002102348710004502369856007502414903001102489543474CaBVIP20140801120300.0m |o d cr || |||||140716c20089999bccar p s s0001a0eng  aCaBVIPbengcCaBVIP an-cn-bc10aDistrict literacy plan (School District No. 58 (Nicola-Similkameen) : Electronic resource)00aDistrict literacy planh[electronic resource] /cSchool District No. 58 (Nicola-Similkameen). --33aCommunity literacy plan (School District No. 58 (Nicola-Similkameen): Electronic resource)33aCommunity literacy plan for the Merritt area and the Board of Education of School District #58h[electronic resource]f200833acommunity literacy plan for Princeton, RDOS Area (3z(BH(3y (Band the Board of Education of School District #58h[electronic resource]f200833aDistrict literacy plan implementation stageh[electronic resource]f200933aDistrict literacy plan updateh[electronic resource]33aLiteracy planh[electronic resource] a[Victoria, B.C. :bMinistry of Education,c2008- ] aOnline resource. aAnnual0 a[2008]- . -- aPdf cover title. aTitles vary: Vol 1. Merrit: 2008, Community literacy plan for the Merritt area and the Board of Education of School District #58; 2009, District literacy plan implementation stage; 2010, District literacy plan update; 2012, District literacy plan. Vol 2.: 2008, A community literacy plan for Princeton, RDOS Area (3z(BH(3y (Band the Board of Education of School District #58; 2009-2011, District literacy plan update; 2013 Literacy plan. aIssued in 2 v. : Vol. 1 Merritt, Vol. 2 Princeton. aMissing issues: 2011 Merritt; 2012 Princeton. aAvailable on the Internet. aCo-publishers: 2010- , Princeton Leaders for Literacy, 2010-2011, Literacy Merritt; 2012- , Literacy Merritt & Nicola Valley Society. aCatalogue record originally made available by the British Columbia Legislative Library. 0aLiteracyzBritish ColumbiazNicola-SimilkameenvPeriodicals 0aLiteracyzBritish ColumbiazMerritt RegionvPeriodicals 0aLiteracyzBritish ColumbiazPrinceton RegionvPeriodicals 0aLiteracy programszBritish ColumbiazNicola-SimilkameenvPeriodicals 0aLiteracy programszBritish ColumbiazMerritt RegionvPeriodicals 0aLiteracy programszBritish ColumbiazPrinceton RegionvPeriodicals10aBritish Columbia.bMinistry of Education2 aSchool District No. 58 (Nicola-Similkameen)1 aPrinceton Leaders for Literacy1 aLiteracy Merritt1 aLiteracy Merritt & Nicola Valley Society40uhttp://www.llbc.leg.bc.ca/public/pubdocs/bcdocs2014_2/543474/index.htm a20140702083nas 2200421 a 4500001000700000003000700007005001700014006001900031007001500050008004100065040002400106043001200130240008400142245010000226246007900326246007500405246008500480246008900565260005700654300002100711310001100732362001700743500002300760500016100783500008200944530003101026550012901057590009201186650005701278650006601335710004501401710003701446710003001483710003001513710003201543856007501575903001101650543653CaBVIP20140801115600.0m |o d cr || |||||140721c20099999bccar p s s0001a0eng  aCaBVIPbengcCaBVIP an-cn-bc10aDistrict literacy plan (Nisga'a School District (No. 92) : Electronic resource)00aDistrict-community literacy planh[electronic resource] /cNisga'a School District (No. 92). --33aNisga'a district-community literacy planh[electronic resource]f2010-201133aNisga'a community-district literacy planh[electronic resource]f2012-33aCommunity literacy plan (Nisga'a School District (No. 92) : Electronic resource)37aSchool District 92 (Nisga'a) district-community literacy planh[electronic resource] a[Victoria, B.C.] :bMinistry of Education,c[2009- ] aOnline resource. aAnnual0 a[2009]- . -- aPdf caption title. aTitle varies: 2009, District-community literacy plan; 2010-2011, Nisga'a district-community literacy plan; 2012- , Nisga'a community-district literacy plan. aRunning title: School District 92 (Nisga'a) district-community literacy plan. aAvailable on the Internet. aCo-publishers: 2009-2010, 2010 Legacies Now Society; 2013- , Decoda Literacy Solutions; 2013- , Nisga'a Literacy Task Force. aCatalogue record originally made available by the British Columbia Legislative Library. 0aLiteracyzBritish ColumbiazNass ValleyvPeriodicals 0aLiteracy programszBritish ColumbiazNass ValleyvPeriodicals10aBritish Columbia.bMinistry of Education20aNisga'a School District (No. 92)2 a2010 Legacies Now Society2 aDecoda Literacy Solutions1 aNisga'a Literacy Task Force40uhttp://www.llbc.leg.bc.ca/public/pubdocs/bcdocs2014_2/543653/index.htm a20140702179nas 2200421 a 4500001000700000003000700007005001700014006001900031007001500050008004100065040002400106043001200130240009600142245010200238246009700340246008900437246008000526246008800606260005700694300002100751310001100772362001700783500002300800500016700823500008400990530003101074550014201105590009201247650006201339650007101401710004501472710004901517710003001566710003001596710004501626856007501671903001101746543658CaBVIP20140801120300.0m |o d cr || |||||140721c20089999bccar p s s0001a0eng  aCaBVIPbengcCaBVIP an-cn-bc10aDistrict literacy plan (School District #83 (North Okanagan-Shuswap) : Electronic resource)00aDistrict literacy planh[electronic resource] /cSchool District #83 (North Okanagan-Shuswap). --33aCommunity literacy plan (School District #83 (North Okanagan-Shuswap) : Electronic resource)33aCommunity literacy plan for the North Okanagan-Shuswaph[electronic resource]f2009-33aNorth Okanagan-Shuswap district literacy planh[electronic resource]f2010-34aDistrict literacy plan for the North Okanagan-Shuswaph[electronic resource]f2010- a[Victoria, B.C.] :bMinistry of Education,c[2008- ] aOnline resource. aAnnual0 a[2008]- . -- aPdf caption title. aTitle varies: 2008, district literacy plan; 2009, A community literacy plan for the North Okanagan-Shuswap; 2010- , North Okanagan-Shuswap district literacy plan. aPdf cover title: 2010- , District literacy plan for the North Okanagan-Shuswap. aAvailable on the Internet. aCo-publishers: 2010- , Literacy Alliance of the Shuswap Society; 2010-2011, 2010 Legacies Now Society; 2012- , Decoda Literacy Solutions. aCatalogue record originally made available by the British Columbia Legislative Library. 0aLiteracyzBritish ColumbiazColumbia-ShuswapvPeriodicals 0aLiteracy programszBritish ColumbiazColumbia-ShuswapvPeriodicals10aBritish Columbia.bMinistry of Education20aSchool District #83 (North Okanagan-Shuswap)2 a2010 Legacies Now Society2 aDecoda Literacy Solutions1 aLiteracy Alliance of the Shuswap Society40uhttp://www.llbc.leg.bc.ca/public/pubdocs/bcdocs2014_2/543658/index.htm a20140701301nas 2200313 a 4500001000700000003000700007005001700014006001900031007001500050008004100065040002400106043001200130240009200142245009800234246009300332260005700425300002100482310001100503362001700514500002600531530003100557590009200588650006100680650007000741710004500811710004500856856007500901903001100976543659CaBVIP20140801120400.0m |o d cr || |||||140721c20089999bccar p s s0001a0eng  aCaBVIPbengcCaBVIP an-cn-bc10aDistrict literacy plan (North Vancouver School District (No. 44) : Electronic resource)00aDistrict literacy planh[electronic resource] /cNorth Vancouver School District (No. 44). --33aCommunity literacy plan (North Vancouver School District (No. 44) : Electronic resource) a[Victoria, B.C.] :bMinistry of Education,c[2008- ] aOnline resource. aAnnual0 a[2008]- . -- aPdf title page title. aAvailable on the Internet. aCatalogue record originally made available by the British Columbia Legislative Library. 0aLiteracyzBritish ColumbiazNorth VancouvervPeriodicals 0aLiteracy programszBritish ColumbiazNorth VancouvervPeriodicals10aBritish Columbia.bMinistry of Education20aNorth Vancouver School District (No. 44)40uhttp://www.llbc.leg.bc.ca/public/pubdocs/bcdocs2014_2/543659/index.htm a20140701685nas 2200373 a 4500001000700000003000700007005001700014006001900031007001500050008004100065040002400106043001200130240009400142245010000236246009500336260005700431300002100488310001100509362001700520500002100537530003100558550015600589590009200745650007700837650008600914710004501000710004701045710003401092710003401126710003501160710003001195856007501225903001101300543662CaBVIP20140801120600.0m |o d cr || |||||140721c20089999bccar p s s0001a0eng  aCaBVIPbengcCaBVIP an-cn-bc10aDistrict literacy plan (School District No. 60 (Peace River North) : Electronic resource)00aDistrict literacy planh[electronic resource] /cSchool District No. 60 (Peace River North). --33aCommunity literacy plan (School District No. 60 (Peace River North) : Electronic resource) a[Victoria, B.C.] :bMinistry of Education,c[2008- ] aOnline resource. aAnnual0 a[2008]- . -- aPdf cover title. aAvailable on the Internet. aCo-publishers: 2008-2010, ReadNow BC; 2012- , North Peace Literacy Alliance, 2012- , Fort St. John Literacy Society; 2013- , Decoda Literacy Solutions. aCatalogue record originally made available by the British Columbia Legislative Library. 0aLiteracyzBritish ColumbiazPeace River (Regional district)vPeriodicals 0aLiteracy programszBritish ColumbiazPeace River (Regional district)vPeriodicals10aBritish Columbia.bMinistry of Education2 aSchool District No. 60 (Peace River North)1 aBritish Columbia.bReadNow BC20aNorth Peace Literacy Alliance20aFort St. John Literacy Society2 aDecoda Literacy Solutions40uhttp://www.llbc.leg.bc.ca/public/pubdocs/bcdocs2014_2/543662/index.htm a20140701296nas 2200313 a 4500001000700000003000700007005001700014006001900031007001500050008004100065040002400106043001200130240009100142245009700233246009200330260005700422300002100479310001100500362001700511500002100528530003100549590009200580650006300672650007200735710004500807710004400852856007500896903001100971543663CaBVIP20140801120600.0m |o d cr || |||||140721c20089999bccar p s s0001a0eng  aCaBVIPbengcCaBVIP an-cn-bc10aDistrict literacy plan (School District #59 (Peace River South) : Electronic resource)00aDistrict literacy planh[electronic resource] /cSchool District #59 (Peace River South). --33aCommunity literacy plan (School District #59 (Peace River South) : Electronic resource) a[Victoria, B.C.] :bMinistry of Education,c[2008- ] aOnline resource. aAnnual0 a[2008]- . -- aPdf cover title. aAvailable on the Internet. aCatalogue record originally made available by the British Columbia Legislative Library. 0aLiteracyzBritish ColumbiazPeace River SouthvPeriodicals 0aLiteracy programszBritish ColumbiazPeace River SouthvPeriodicals10aBritish Columbia.bMinistry of Education2 aSchool District #59 (Peace River South)40uhttp://www.llbc.leg.bc.ca/public/pubdocs/bcdocs2014_2/543663/index.htm a20140701614nas 2200361 a 4500001000700000003000700007005001700014006001900031007001500050008004100065040002400106043001200130240009200142245011100234246007100345246009300416260005400509300002100563310001100584362001500595500002100610500010700631530003100738550005600769590009200825650005800917650006700975710004501042710004501087710003401132856007501166903001101241543664CaBVIP20140801121400.0m |o d cr || |||||140721c20089999bccar p s s0001a0eng  aCaBVIPbengcCaBVIP an-cn-bc10aDistrict literacy plan (School District #47 (Powell River, B.C.) : Electronic resource)00aPowell River district literacy planh[electronic resource] /cSchool District #47 (Powell River, B.C.). --3 aPowell River community literacy planh[electronic resource]f2009-33aCommunity literacy plan (School District #47 (Powell River, B.C.) : Electronic resource) a[Victoria, B.C.] :bMinistry of Education,c2007- aOnline resource. aAnnual0 a2007- . -- aPdf cover title. aTitle varies: 2007, Powell River district literacy plan; 2009- , Powell River community literacy plan. aAvailable on the Internet. aCo-publisher: 2009- , Powell River Literacy Council aCatalogue record originally made available by the British Columbia Legislative Library. 0aLiteracyzBritish ColumbiazPowell RivervPeriodicals 0aLiteracy programszBritish ColumbiazPowell RivervPeriodicals10aBritish Columbia.bMinistry of Education2 aSchool District #47 (Powell River, B.C.)1 aPowell River Literacy Council40uhttp://www.llbc.leg.bc.ca/public/pubdocs/bcdocs2014_2/543664/index.htm a20140701374nas 2200325 a 4500001000700000003000700007005001700014006001900031007001500050008004100065040002400106043001200130240009600142245013100238246009700369260005600466300002100522310001100543362001700554500002100571500002600592530003100618590009200649650005900741650006800800710004500868710004900913856007500962903001101037543665CaBVIP20140801120800.0m |o d cr || |||||140721c20089999bccar p s s0001a0eng  aCaBVIPbengcCaBVIP an-cn-bc10aDistrict literacy plan (School District No. 57 (Prince George, B.C.) : Electronic resource)00aDistrict literacy planh[electronic resource] :ba community literacy plan /cSchool District No. 57 (Prince George, B.C.). --33aCommunity literacy plan (School District No. 57 (Prince George, B.C.) : Electronic resource) a[Victoria, B.C.] :bMinistry of Education,c[2008]- aOnline resource. aAnnual0 a[2008]- . -- aPdf cover title. aTitle varies slightly aAvailable on the Internet. aCatalogue record originally made available by the British Columbia Legislative Library. 0aLiteracyzBritish ColumbiazPrince GeorgevPeriodicals 0aLiteracy programszBritish ColumbiazPrince GeorgevPeriodicals10aBritish Columbia.bMinistry of Education20aSchool District No. 57 (Prince George, B.C.)40uhttp://www.llbc.leg.bc.ca/public/pubdocs/bcdocs2014_2/543665/index.htm a20140701871nas 2200385 a 4500001000700000003000700007005001700014006001900031007001500050008004100065040002400106043001200130240009600142245010200238246012300340246009700463260005600560300002100616310001100637362001700648500002100665500014500686530003100831550012100862590009200983650006601075650007501141710004501216710004901261710002901310710003001339710003001369856007501399903001101474543666CaBVIP20140801120700.0m |o d cr || |||||140721c20089999bccar p s s0001a0eng  aCaBVIPbengcCaBVIP an-cn-bc10aDistrict literacy plan (School District No. 52 (Prince Rupert, B.C.) : Electronic resource)00aDistrict literacy planh[electronic resource] :cSchool District No. 52 (Prince Rupert, B.C.). --33aConnecting generationsh[electronic resource] :bcommunity and district literacy plan and implementation reportf2009-33aCommunity literacy plan (School District No. 52 (Prince Rupert, B.C.) : Electronic resource) a[Victoria, B.C.] :bMinistry of Education,c[2008]- aOnline resource. aAnnual0 a[2008]- . -- aPdf cover title. aTitle varies: 2008, District literacy plan; 2009- , Connecting generations : community and district literacy plan and implementation report. aAvailable on the Internet. aCo-publishers: 2010- , North Coast Literacy Now; 2010, 2010 Legacies Now Society; 2012- , Decoda Literacy Solutions. aCatalogue record originally made available by the British Columbia Legislative Library. 0aLiteracyzBritish ColumbiazPrince Rupert RegionvPeriodicals 0aLiteracy programszBritish ColumbiazPrince Rupert RegionvPeriodicals10aBritish Columbia.bMinistry of Education1 aSchool District No. 52 (Prince Rupert, B.C.)20aNorth Coast Literacy Now2 a2010 Legacies Now Society2 aDecoda Literacy Solutions40uhttp://www.llbc.leg.bc.ca/public/pubdocs/bcdocs2014_2/543666/index.htm a20140701586nas 2200361 a 4500001000700000003000700007005001700014006001900031007001500050008004100065040002400106043001200130240009100142245012400233246006700357246009200424260005600516300002100572310001100593362001700604500002100621500009800642530003100740550004200771590009200813650005400905650006300959710004501022710004401067710002701111856007501138903001101213543667CaBVIP20140801120700.0m |o d cr || |||||140721c20089999bccar p s s0001a0eng  aCaBVIPbengcCaBVIP an-cn-bc10aDistrict literacy plan (School District No. 69 (Qualicum, B.C.) : Electronic resource)00aDistrict literacy planh[electronic resource] /cSchool District No. 69 (Qualicum, B.C.) and Oceanside Literacy Now. --33aOceanside district literacy planh[electronic resource]f2009-33aCommunity literacy plan (School District No. 69 (Qualicum, B.C.) : Electronic resource) a[Victoria, B.C.] :bMinistry of Education,c[2008]- aOnline resource. aAnnual0 a[2008]- . -- aPdf cover title. aTitle varies slightly:2008, District literacy plan; 2009- , Oceanside district literacy plan. aAvailable on the Internet. aCo-publisher: Oceanside Literacy Now. aCatalogue record originally made available by the British Columbia Legislative Library. 0aLiteracyzBritish ColumbiazQualicumvPeriodicals 0aLiteracy programszBritish ColumbiazQualicumvPeriodicals10aBritish Columbia.bMinistry of Education2 aSchool District No. 69 (Qualicum, B.C.)20aOceanside Literacy Now40uhttp://www.llbc.leg.bc.ca/public/pubdocs/bcdocs2014_2/543667/index.htm a20140701671nas 2200349 a 4500001000700000003000700007005001700014006001900031007001500050008004100065040002400106043001200130240008400142245009000226246008500316246010100401246007300502260005600575300002100631310001100652362001700663500002100680500020000701530003100901590009200932650006001024650006901084710004501153710003701198856007501235903001101310543668CaBVIP20140801120700.0m |o d cr || |||||140721c20089999bccar p s s0001a0eng  aCaBVIPbengcCaBVIP an-cn-bc10aDistrict literacy plan (Quesnel School District (No. 28) : Electronic resource)00aDistrict literacy planh[electronic resource] /cQuesnel School District (No. 28). --33aCommunity literacy plan (Quesnel School District (No. 28) : Electronic resource)33aCommunity literacy plan Quesnel, B.Ch[electronic resource] :bdistrict literacy planf2009-201033aDistrict literacy plan for Quesnel, B.Ch[electronic resource]f2012 a[Victoria, B.C.] :bMinistry of Education,c[2008]- aOnline resource. aAnnual0 a[2008]- . -- aPdf cover title. aTitle varies: 2008, District literacy plan; 2009-2010, Community literacy plan Quesnel, B.C. : district literacy plan; 2012, District literacy plan for Quesnel, B.C; 2013, District literacy plan. aAvailable on the Internet. aCatalogue record originally made available by the British Columbia Legislative Library. 0aLiteracyzBritish ColumbiazQuesnel RegionvPeriodicals 0aLiteracy programszBritish ColumbiazQuesnel RegionvPeriodicals10aBritish Columbia.bMinistry of Education20aQuesnel School District (No. 28)40uhttp://www.llbc.leg.bc.ca/public/pubdocs/bcdocs2014_2/543668/index.htm a201407